Every Pokémon used by important trainers - Statistics

General Stats
  • This quiz has been taken 298 times
    143 since last reset
  • The average score is 1222 of 2671
Answer Stats
Region of origin Trainer Games Pokémon % Correct
Kanto Brock RGBY, GSC, FRLG, HGSS, B2W2, LGPE Onix
92%
Kanto Bruno RGBY, FRLG, LGPE Onix
92%
Kanto Bruno RGBY, GSC, FRLG, HGSS Onix
92%
Kanto Giovanni RGBY, FRLG Onix
92%
Hoenn Roxanne Emerald (Rematch only) Onix
92%
Sinnoh Roark DPPt, B2W2, BDSP Onix
92%
Unova Clay B2W2 (Challenge Mode only) Onix
92%
Kanto Brock RGBY, FRLG, LGPE Geodude
88%
Hoenn Roxanne RSE, ORAS Geodude
88%
Hoenn Roxanne Emerald Geodude
88%
Sinnoh Roark DPPt, BDSP Geodude
88%
Kanto Samuel Oak LGP (Gift) Partner Pikachu
84%
Kanto Lt. Surge RGB, FRLG Pikachu
84%
Kanto Lt. Surge HGGS (Traded to the player) Pikachu
84%
Kanto Trace LGE Pikachu
84%
Kanto Samuel Oak Yellow (Gift) Pikachu
84%
Kanto Red GSC, HGSS, B2W2, SM, USUM, LGPE Pikachu
84%
Hoenn Wattson Emerald (Rematch only) Pikachu
84%
Kalos Trevor XY Pikachu
84%
Alola Hau SM, USUM Pikachu
84%
Hisui Rei/Akari Legends: Arceus Pikachu
84%
Kalos Zach Legends: Z-A Pikachu
84%
Kanto Blaine B2W2 Charizard
80%
Kanto Blue RGB (Conditionally), FRLG (Conditionally), LGPE Charizard
80%
Kanto Lance GSC, HGSS, LGPE Charizard
80%
Kanto Red GSC, HGSS, B2W2, SM, USUM Charizard
80%
Johto Clair HGSS (Rematch only) Charizard
80%
Hoenn Tucker Emerald Charizard
80%
Kalos Augustine Sycamore XY Charizard
80%
Alola Gladion USUM (Conditionally, rematch only) Charizard
80%
Galar Leon SwSh Charizard (G-Max)
80%
Kalos Grisham Legends: Z-A (Mega) Charizard (X)
80%
Kanto Lt. Surge RGBY, GSC, FRLG, HGSS, B2W2, LGPE Raichu
78%
Kanto Trace LGE Raichu
78%
Hoenn Wattson Emerald (Rematch only), B2W2 Raichu
78%
Hoenn Brendan/May ORAS Raichu
78%
Sinnoh Volkner DPPt, B2W2, BDSP Raichu
78%
Kalos Trevor XY Raichu
78%
Paldea Salvatore SV Raichu
78%
Kalos Mani Legends: Z-A Raichu
78%
Kalos Dexio SM, USUM Alolan Raichu
77%
Alola Hau SM, USUM Alolan Raichu
77%
Alola Faba SM (Rematch only), USUM Alolan Raichu
77%
Kalos Mani Legends: Z-A Alolan Raichu
77%
Kanto Misty B2W2 Blastoise
77%
Kanto Blue RGB (Conditionally), FRLG (Conditionally) Blastoise
77%
Kanto Red GSC, HGSS, B2W2, SM, USUM Blastoise
77%
Sinnoh Dawn BDSP (Conditionally) Blastoise
77%
Kalos Augustine Sycamore XY Blastoise
77%
Alola Gladion USUM (Conditionally, rematch only) Blastoise
77%
Galar Honey SwSh (Conditionally) Blastoise (G-Max)
77%
Kanto Green LGPE (Mega) Blastoise
77%
Kanto Blue RGB (Conditionally), FRLG (Conditionally) Squirtle
77%
Kanto Samuel Oak RGB (Possible gift), FRLG (Possible gift), HGSS (Possible gift) Squirtle
77%
Kalos Augustine Sycamore XY Squirtle
77%
Kalos Augustine Sycamore XY (Possible gift) Squirtle
77%
Kalos Mable Legends: Z-A (possible gift) Squirtle
77%
Galar Honey SwSh (Potential gift) Squirtle
77%
Kanto Bruno FRLG (Rematch only) Steelix
77%
Kanto Bruno FRLG (Rematch only) Steelix
77%
Johto Jasmine GSC, DPPt (Super Contests only), HGSS, B2W2, BDSP (Super Contests only) Steelix
77%
Johto Jasmine HGGS (Traded to the player) Steelix
77%
Hoenn Roxanne Emerald (Rematch only) Steelix
77%
Hoenn Lucy Emerald Steelix
77%
Sinnoh Byron DPPt, B2W2, BDSP Steelix
77%
Sinnoh Flint DP, BDSP Steelix
77%
Hisui Zisu Legends: Arceus (Rematch only) Steelix
77%
Kalos Philippe Legends: Z-A Steelix
77%
Kanto Blue RGB (Conditionally), FRLG (Conditionally) Charmander
76%
Kanto Samuel Oak RGB (Possible gift), FRLG (Possible gift), HGSS (Possible gift) Charmander
76%
Kalos Augustine Sycamore XY Charmander
76%
Kalos Augustine Sycamore XY (Possible gift) Charmander
76%
Kalos Mable Legends: Z-A (possible gift) Charmander
76%
Galar Leon SwSh (Gift) Charmander
76%
Kalos Lida Legends: Z-A (Mega) Starmie
76%
Kanto Misty RBGY, GSC, FRLG, HGSS, B2W2, LGPE Starmie
76%
Hoenn Wallace B2W2 Starmie
76%
Unova Marlon B2W2 Starmie
76%
Unova N B2W2 Starmie
76%
Kalos Siebold XY Starmie
76%
Kalos Lida Legends: Z-A Starmie
76%
Kanto Blue RGB (Conditionally), FRLG (Conditionally) Wartortle
76%
Kanto Blue RGB (Conditionally), FRLG (Conditionally) Charmeleon
75%
Kanto Misty RBGY, FRLG Staryu
75%
Kalos Lida Legends: Z-A Staryu
75%
Kanto Brock HGSS (Rematch only), B2W2, LGPE (Rematch only) Golem
73%
Kanto Giovanni B2W2 Golem
73%
Hoenn Roxanne Emerald (Rematch only), B2W2 Golem
73%
Sinnoh Roark Pt (Rematch only), B2W2 Golem
73%
Sinnoh Bertha DPPt, BDSP Golem
73%
Hisui Kamado Legends: Arceus Golem
73%
Kanto Blue RGB (Conditionally), FRLG (Conditionally) Ivysaur
73%
Kanto Bruno LGPE (Rematch only) Alolan Golem
72%
Alola Sophocles SM, USUM Alolan Golem
72%
Alola Olivia SM Alolan Golem
72%
Kanto Blue RGB (Conditionally), FRLG (Conditionally) Bulbasaur
72%
Kanto Samuel Oak RGB (Possible gift), FRLG (Possible gift), HGSS (Possible gift) Bulbasaur
72%
Kalos Augustine Sycamore XY Bulbasaur
72%
Kalos Augustine Sycamore XY (Possible gift) Bulbasaur
72%
Kalos Mable Legends: Z-A (possible gift) Bulbasaur
72%
Galar Honey SwSh (Potential gift) Bulbasaur
72%
Kanto Blue Yellow Eevee
72%
Kanto Trace LGP Eevee
72%
Alola Hau SM, USUM Eevee
72%
Hisui Adaman Legends: Arceus Eevee
72%
Hisui Irida Legends: Arceus Eevee
72%
Paldea Penny SV (Traded to the player) Eevee
72%
Kanto Brock GSC, HGSS Graveler
72%
Kanto Erika B2W2 Venusaur
72%
Kanto Blue RGB (Conditionally), FRLG (Conditionally) Venusaur
72%
Kanto Red GSC, HGSS, B2W2, SM, USUM, LGPE Venusaur
72%
Kalos Augustine Sycamore XY Venusaur
72%
Alola Gladion USUM (Conditionally, rematch only) Venusaur
72%
Galar Honey SwSh (Conditionally) Venusaur (G-Max)
72%
Kanto Lt. Surge B2W2, LGPE (Rematch only) Jolteon
70%
Kanto Blue Yellow (Conditionally) Jolteon
70%
Kanto Trace LGP Jolteon
70%
Sinnoh Volkner Pt, B2W2, BDSP (Rematch only) Jolteon
70%
Kalos Calem/Serena XY (Conditionally) Jolteon
70%
Hisui Wenton (Security Corps) Legends: Arceus Jolteon
70%
Paldea Penny/Cassiopeia SV Jolteon
70%
Kalos Mani Legends: Z-A Jolteon
70%
Kanto Samuel Oak LGE (Gift) Partner Eevee
70%
Kanto Blue RGB, GSC, FRLG, HGSS, SM, USUM Pidgeot
70%
Kanto Trace LGPE Pidgeot
70%
Johto Falkner HGSS (Rematch only), B2W2 Pidgeot
70%
Kanto Agatha RGBY, FRLG, LGPE Gengar
68%
Kanto Agatha RGBY, FRLG, LGPE Gengar
68%
Kanto Green LGPE Gengar
68%
Johto Morty GSC, HGSS, B2W2 Gengar
68%
Johto Morty HGSS (Rematch only) Gengar
68%
Johto Karen GSC, HGSS Gengar
68%
Johto Silver GSC, HGSS Gengar
68%
Hoenn Greta Emerald Gengar
68%
Sinnoh Fantina DP, Pt (Rematch only), B2W2, BDSP Gengar
68%
Sinnoh Mira Pt Gengar
68%
Unova Shauntal B2W2 (Challenge Mode (Rematch) only) Gengar
68%
Alola Plumeria SM (Rematch only), USUM (Rematch only) Gengar
68%
Hisui Charm Legends: Arceus Gengar
68%
Paldea Raifort SV Gengar
68%
Kalos Gwynn Legends: Z-A Gengar
68%
Galar Allister Sh Gengar (G-Max)
68%
Kanto Misty LGPE (Rematch only) Gyarados
68%
Kanto Blue RGB (Conditionally), GSC, FRLG (Conditionally), HGSS, B2W2, SM, USUM, LGPE (Rematch only) Gyarados
68%
Kanto Lance RGBY, GSC, FRLG, HGSS, LGPE Gyarados
68%
Johto Clair HGSS Gyarados
68%
Hoenn Winona B2W2 Gyarados
68%
Hoenn Wallace Emerald, ORAS Gyarados
68%
Hoenn Lucy Emerald Gyarados
68%
Sinnoh Crasher Wake DPPt, B2W2, BDSP Gyarados
68%
Sinnoh Cyrus DPPt, BDSP Gyarados
68%
Kalos Siebold XY Gyarados
68%
Kalos Lysandre XY Gyarados
68%
Paldea Clavell/Clive SV (Conditionally) Gyarados
68%
Kalos Corbeau Legends: Z-A Gyarados
68%
Kalos Lysandre XY, Legends: Z-A Mega Gyarados
68%
Kanto Blue RGB, GSC, FRLG, HGSS Rhydon
68%
Kanto Giovanni RGBY, FRLG, LGPE Rhydon
68%
Hisui Charm Legends: Arceus Rhydon
68%
Kanto Blaine B2W2, LGPE (Rematch only) Flareon
67%
Kanto Blue Yellow (Conditionally) Flareon
67%
Sinnoh Flint Pt, BDSP Flareon
67%
Sinnoh Lucas BDSP (Conditionally) Flareon
67%
Kalos Calem/Serena XY (Conditionally) Flareon
67%
Alola Hau SM (Conditionally), USUM (Conditionally) Flareon
67%
Hisui Irida Legends: Arceus Flareon
67%
Paldea Penny/Cassiopeia SV Flareon
67%
Kanto Koga LGPE Golbat
67%
Kanto Agatha RGBY, FRLG, LGPE Golbat
67%
Kanto Archer LGPE Golbat
67%
Kanto Proton GSC, HGSS Golbat
67%
Johto Silver GSC, HGSS Golbat
67%
Hoenn Tabitha Emerald Golbat
67%
Hoenn Maxie Ruby, OR Golbat
67%
Hoenn Matt Emerald Golbat
67%
Hoenn Archie Sapphire, AS Golbat
67%
Sinnoh Mars DPPt, BDSP Golbat
67%
Sinnoh Jupiter DPPt, BDSP Golbat
67%
Sinnoh Saturn Pt Golbat
67%
Sinnoh Cyrus DPPt, BDSP Golbat
67%
Unova Roxie B2W2 Golbat
67%
Unova Roxie B2W2 Golbat
67%
Alola Gladion SM, USUM Golbat
67%
Alola Plumeria SM, USUM Golbat
67%
Hisui Melli Legends: Arceus (Rematch only) Golbat
67%
Kanto Agatha RGBY, FRLG Haunter
67%
Johto Morty GSC, HGSS Haunter
67%
Johto Morty GSC, HGSS Haunter
67%
Johto Silver GSC, HGSS Haunter
67%
Johto Eusine Crystal, HGSS Haunter
67%
Sinnoh Fantina Pt Haunter
67%
Kanto Lance RGBY, GSC, FRLG, HGSS, B2W2, LGPE Dragonite
66%
Kanto Lance GSC, FRLG (Rematch only), HGSS Dragonite
66%
Kanto Lance GSC, HGSS Dragonite
66%
Johto Clair HGSS (Rematch only), B2W2 Dragonite
66%
Hoenn Winona Emerald (Rematch only) Dragonite
66%
Sinnoh Palmer DPPt, HGSS, BDSP Dragonite
66%
Unova Benga W2 Dragonite
66%
Alola Ryuki SM, USUM (Rematch only) Dragonite
66%
Paldea Hassel SV (Rematch only) Dragonite
66%
Kitakami Kieran SV Dragonite
66%
Unova Drayton SV Dragonite
66%
Kanto Blue RGB, FRLG Pidgeotto
66%
Kanto Trace LGPE Pidgeotto
66%
Johto Falkner GSC, HGSS Pidgeotto
66%
Kanto Koga RGB, FRLG, LGPE Weezing
66%
Kanto Janine GSC, HGSS, B2W2 Weezing
66%
Kanto Janine GSC Weezing
66%
Kanto Agatha LGPE Weezing
66%
Kanto Archer LGPE Weezing
66%
Kanto Petrel GSC, HGSS Weezing
66%
Kanto Proton HGSS Weezing
66%
Kanto James Yellow, LGPE Weezing
66%
Hoenn Maxie OR, USUM Weezing
66%
Kitakami Yukito SV Weezing
66%
Kanto Koga GSC, HGSS Crobat
65%
Kanto Janine GSC, HGSS, B2W2 Crobat
65%
Kanto Agatha FRLG (Rematch only) Crobat
65%
Johto Falkner B2W2 Crobat
65%
Johto Silver GSC (Rematch only), HGSS (Rematch only) Crobat
65%
Hoenn Maxie Ruby, Emerald, USUM Crobat
65%
Hoenn Archie Sapphire, Emerald, AS, USUM Crobat
65%
Hoenn Spenser Emerald Crobat
65%
Sinnoh Dawn BDSP (Conditionally) Crobat
65%
Sinnoh Marley Pt Crobat
65%
Sinnoh Cyrus DPPt, USUM, BDSP Crobat
65%
Unova Roxie B2W2 Crobat
65%
Kalos Xerosic/Essentia XY Crobat
65%
Alola Kahili SM Crobat
65%
Alola Gladion SM, USUM Crobat
65%
Alola Plumeria SM (Rematch only), USUM (Rematch only) Crobat
65%
Hisui Mai Legends: Arceus (Rematch only) Crobat
65%
Galar Opal SwSh Galarian Weezing
65%
Galar Klara Sw Galarian Weezing
65%
Johto Morty GSC, HGSS Gastly
65%
Johto Silver GSC, HGSS Gastly
65%
Kanto Koga RGB, FRLG Koffing
65%
Kanto Koga RGB, FRLG Koffing
65%
Kanto Archer GSC, HGSS Koffing
65%
Kanto Petrel GSC, HGSS Koffing
65%
Kanto Petrel GSC, HGSS Koffing
65%
Kanto Petrel GSC, HGSS Koffing
65%
Kanto Petrel GSC, HGSS Koffing
65%
Kanto Petrel GSC, HGSS Koffing
65%
Kanto Proton GSC, HGSS Koffing
65%
Kanto James Yellow, LGPE Koffing
65%
Hoenn Tabitha OR Koffing
65%
Unova Roxie B2W2 Koffing
65%
Galar Klara Sw Koffing
65%
Kanto Blue HGSS, B2W2, SM, USUM Machamp
65%
Kanto Bruno RGBY, GSC, FRLG, HGSS, LGPE Machamp
65%
Kanto Red LGPE Machamp
65%
Johto Chuck B2W2 Machamp
65%
Hoenn Brawly Emerald (Rematch only), B2W2 Machamp
65%
Sinnoh Maylene Pt (Rematch only), B2W2 Machamp
65%
Unova Marshal B2W2 (Challenge Mode (Rematch) only) Machamp
65%
Unova Ingo Legends: Arceus Machamp
65%
Kalos Korrina XY Machamp
65%
Alola Hala USUM Machamp
65%
Kalos Josée Legends: Z-A Machamp
65%
Kalos Ivor Legends: Z-A Machamp
65%
Galar Bea Sw Machamp (G-Max)
65%
Kanto Lt. Surge LGPE Magnemite
65%
Kanto Blue Yellow (Conditionally) Magnemite
65%
Johto Jasmine GSC, HGSS Magnemite
65%
Johto Jasmine GSC, HGSS Magnemite
65%
Johto Silver GSC, HGSS Magnemite
65%
Hoenn Wattson RS, ORAS Magnemite
65%
Unova Colress B2W2 Magnemite
65%
Paldea Iono SV (Traded to the player) Magnemite
65%
Kanto Lt. Surge GSC, HGSS, LGPE (Rematch only) Magneton
65%
Kanto Blue Yellow (Conditionally) Magneton
65%
Johto Silver GSC, HGSS Magneton
65%
Hoenn Wattson RSE, ORAS Magneton
65%
Hoenn Wally RSE, ORAS Magneton
65%
Sinnoh Byron Pt Magneton
65%
Unova Colress B2W2 Magneton
65%
Kalos Clemont XY Magneton
65%
Kalos Dana XY, ORAS Magneton
65%
Kanto Misty LGPE (Rematch only) Vaporeon
65%
Kanto Blue Yellow (Conditionally) Vaporeon
65%
Kalos Calem/Serena XY (Conditionally) Vaporeon
65%
Alola Hau SM (Conditionally), USUM (Conditionally) Vaporeon
65%
Hisui Adaman Legends: Arceus Vaporeon
65%
Paldea Penny/Cassiopeia SV Vaporeon
65%
Kalos Lida Legends: Z-A Vaporeon
65%
Kanto Petrel GSC, HGSS Zubat
65%
Kanto Proton HGSS Zubat
65%
Johto Silver GSC, HGSS Zubat
65%
Hoenn Tabitha Emerald Zubat
65%
Hoenn Maxie Emerald Zubat
65%
Sinnoh Mars DPPt, BDSP Zubat
65%
Sinnoh Jupiter DPPt, BDSP Zubat
65%
Alola Gladion SM, USUM Zubat
65%
Hisui Melli Legends: Arceus (Rematch only) Zubat
65%
Unova Colress SM, USUM Alolan Muk
64%
Alola Plumeria SM (Rematch only), USUM (Rematch only) Alolan Muk
64%
Kanto Blaine RGBY, FRLG, B2W2, LGPE Arcanine
64%
Kanto Blue RGB (Conditionally), GSC, FRLG (Conditionally), HGSS, B2W2, SM, USUM Arcanine
64%
Kanto Red LGPE Arcanine
64%
Hoenn Flannery Emerald (Rematch only) Arcanine
64%
Hoenn Spenser Emerald Arcanine
64%
Sinnoh Flint BDSP (Rematch only) Arcanine
64%
Sinnoh Dawn BDSP (Conditionally) Arcanine
64%
Sinnoh Marley DPPt, BDSP Arcanine
64%
Unova Chili B2W2 Arcanine
64%
Unova N B2W2 Arcanine
64%
Alola Kiawe USUM Arcanine
64%
Galar Kabu SwSh Arcanine
64%
Paldea Mela SV (Rematch only) Arcanine
64%
Paldea Jacq SV Arcanine
64%
Kanto Lance RGBY, FRLG Dragonair
64%
Kanto Lance RGBY, FRLG Dragonair
64%
Johto Clair GSC Dragonair
64%
Johto Clair GSC, HGSS Dragonair
64%
Johto Clair GSC, HGSS Dragonair
64%
Hoenn Winona Emerald (Rematch only) Dragonair
64%
Kanto Lt. Surge GSC, HGSS, LGPE (Rematch only) Electabuzz
64%
Hoenn Wattson Emerald (Rematch only) Electabuzz
64%
Hisui Volo Legends: Arceus Hisuian Arcanine
64%
Kanto Misty GSC, HGSS, B2W2 Lapras
64%
Kanto Lorelei RGBY, FRLG, LGPE Lapras
64%
Kanto Red HGSS, B2W2, SM, USUM, LGPE Lapras
64%
Johto Pryce B2W2 Lapras
64%
Hoenn Juan Emerald (Rematch only) Lapras
64%
Hoenn Spenser Emerald Lapras
64%
Unova Iris B2W2 Lapras
64%
Galar Melony Sh Lapras (G-Max)
64%
Kanto Koga RGB, GSC, FRLG, HGSS, LGPE Muk
64%
Hoenn Archie AS, USUM Muk
64%
Unova Colress SM, USUM Muk
64%
Paldea Atticus SV Muk
64%
Kanto Brock GSC, HGSS Rhyhorn
64%
Kanto Brock HGGS (Traded to the player) Rhyhorn
64%
Kanto Blue RGB, FRLG Rhyhorn
64%
Kanto Giovanni RGBY, FRLG, LGPE Rhyhorn
64%
Unova Yancy B2W2 (Traded to the player) Rhyhorn
64%
Unova Curtis B2W2 (Traded to the player) Rhyhorn
64%
Johto Karen GSC, HGSS Umbreon
64%
Hoenn Greta Emerald Umbreon
64%
Sinnoh Buck Pt Umbreon
64%
Hisui Adaman Legends: Arceus Umbreon
64%
Paldea Penny/Cassiopeia SV Umbreon
64%
Kalos Rintaro Legends: Z-A Umbreon
64%
Kanto Erika RGB, FRLG, B2W2, LGPE Vileplume
64%
Kanto Trace LGPE Vileplume
64%
Kanto Ariana GSC, HGSS Vileplume
64%
Johto Karen GSC, HGSS Vileplume
64%
Paldea Brassius SV (Rematch only) Vileplume
64%
Kanto Lt. Surge RGB, FRLG, LGPE Voltorb
64%
Hoenn Wattson RSE, ORAS Voltorb
64%
Kanto Sabrina GSC, HGSS, B2W2 Espeon
63%
Kanto Red GSC Espeon
63%
Sinnoh Lucian Pt, BDSP (Rematch only) Espeon
63%
Sinnoh Lucas BDSP (Conditionally) Espeon
63%
Kalos Dexio SM, USUM Espeon
63%
Hisui Irida Legends: Arceus Espeon
63%
Kalos Rintaro Legends: Z-A Espeon
63%
Galar Nessa SwSh Goldeen
63%
Kanto Blaine GSC, HGSS, LGPE Magmar
63%
Kanto Archer LGPE Magmar
63%
Kanto Lt. Surge HGSS (Rematch only), B2W2 Magnezone
63%
Johto Jasmine HGSS (Rematch only), B2W2 Magnezone
63%
Hoenn Wattson B2W2 Magnezone
63%
Hoenn Wally ORAS, SM, USUM Magnezone
63%
Sinnoh Byron Pt (Rematch only), B2W2, BDSP (Rematch only) Magnezone
63%
Sinnoh Mira Pt Magnezone
63%
Unova Colress B2W2, SM, USUM Magnezone
63%
Unova Ingo Legends: Arceus Magnezone
63%
Kalos Clemont XY Magnezone
63%
Alola Sophocles SM, USUM Magnezone
63%
Alola Molayne SM, USUM Magnezone
63%
Alola Kukui/The Masked Royal SM, USUM Magnezone
63%
Hisui Beni Legends: Arceus (Rematch only) Magnezone
63%
Paldea Poppy SV Magnezone
63%
Kanto Blue RGB, FRLG Pidgey
63%
Kanto Trace LGPE Pidgey
63%
Johto Falkner GSC, HGSS Pidgey
63%
Kalos Zach Legends: Z-A Pidgey
63%
Kanto Blue RGBY, FRLG Rattata
63%
Kanto Lance LGPE Seadra
63%
Kanto Sabrina RGB, GSC, FRLG, HGSS, B2W2, LGPE Alakazam
62%
Kanto Blue RGBY, GSC, FRLG, B2W2, SM, USUM, LGPE (Rematch only) Alakazam
62%
Johto Silver GSC, HGSS Alakazam
62%
Hoenn Anabel Emerald, SM, USUM Alakazam
62%
Sinnoh Lucian DPPt, BDSP Alakazam
62%
Sinnoh Mira Pt Alakazam
62%
Unova Caitlin B2W2 (Rematch only) Alakazam
62%
Unova Ingo Legends: Arceus Alakazam
62%
Kalos Dexio SM, USUM Alakazam
62%
Alola Faba SM (Rematch only), USUM Alakazam
62%
Galar Avery Sh (Rematch only) Alakazam
62%
Kalos Xavi Legends: Z-A Alakazam
62%
Kanto Janine B2W2 Arbok
62%
Kanto Agatha RGBY, FRLG, LGPE Arbok
62%
Kanto Ariana GSC, HGSS Arbok
62%
Kanto Jessie Yellow, LGPE Arbok
62%
Kitakami Yukito SV Arbok
62%
Kalos Corbeau Legends: Z-A Arbok
62%
Kanto Lt. Surge GSC, HGSS, B2W2, LGPE (Rematch only) Electrode
62%
Kanto Lt. Surge GSC, HGSS Electrode
62%
Kanto Archer LGPE Electrode
62%
Johto Eusine Crystal, HGSS Electrode
62%
Hoenn Wattson Emerald (Rematch only), B2W2 Electrode
62%
Sinnoh Volkner B2W2 Electrode
62%
Sinnoh Marley Pt Electrode
62%
Unova Colress SM, USUM Electrode
62%
Paldea Iono SV (Rematch only) Electrode
62%
Sinnoh Candice Pt (Rematch only), B2W2, BDSP (Rematch only) Glaceon
62%
Sinnoh Cynthia B2W2 Glaceon
62%
Sinnoh Lucas BDSP (Conditionally) Glaceon
62%
Unova N B2W2 Glaceon
62%
Kalos Sina SM, USUM Glaceon
62%
Hisui Irida Legends: Arceus Glaceon
62%
Paldea Salvatore SV Glaceon
62%
Kanto Erika Yellow Gloom
62%
Kanto Trace LGPE Gloom
62%
Kanto Ariana GSC, HGSS Gloom
62%
Kanto Sabrina RGBY, FRLG Kadabra
62%
Kanto Blue RGBY, FRLG Kadabra
62%
Johto Silver GSC, HGSS Kadabra
62%
Sinnoh Lucas/Dawn DPPt, BDSP Kadabra
62%
Sinnoh Mira DPPt, BDSP Kadabra
62%
Sinnoh Saturn DP, BDSP Kadabra
62%
Galar Avery Sh Kadabra
62%
Kalos Xavi Legends: Z-A Kadabra
62%
Kanto Blue RGB, FRLG Raticate
62%
Kanto Petrel GSC, HGSS Raticate
62%
Johto Bugsy GSC, HGSS Scyther
62%
Kanto Brock B2W2, LGPE (Rematch only) Aerodactyl
61%
Kanto Blue B2W2, SM, USUM, LGPE (Rematch only) Aerodactyl
61%
Kanto Lance RGBY, GSC, FRLG, HGSS, LGPE Aerodactyl
61%
Johto Falkner B2W2 Aerodactyl
61%
Johto Clair HGSS (Rematch only) Aerodactyl
61%
Hoenn Roxanne Emerald (Rematch only) Aerodactyl
61%
Hoenn Steven ORAS (Rematch only) Aerodactyl
61%
Sinnoh Roark Pt (Rematch only), BDSP (Rematch only) Aerodactyl
61%
Kalos Trevor XY Aerodactyl
61%
Kalos Griselle Legends: Z-A Aerodactyl
61%
Paldea Salvatore SV (Traded to the player) Alolan Meowth
61%
Kalos Dexio Moon, UM Alolan Ninetales
61%
Alola Mina LGPE Alolan Ninetales
61%
Alola Kukui/The Masked Royal SM, USUM Alolan Ninetales
61%
Paldea Grusha SV (Rematch only) Alolan Ninetales
61%
Paldea Salvatore SV (Gift) Galarian Meowth
61%
Galar Bede SwSh Galarian Ponyta
61%
Galar Avery Sh Galarian Ponyta
61%
Kanto Bruno RGBY, GSC, FRLG, HGSS, LGPE Hitmonlee
61%
Johto Chuck HGSS (Rematch only), B2W2 Hitmonlee
61%
Hoenn Brawly Emerald (Rematch only) Hitmonlee
61%
Kanto Sabrina HGSS (Rematch only), B2W2, LGPE Jynx
61%
Kanto Lorelei RGBY, FRLG, LGPE Jynx
61%
Johto Pryce B2W2 Jynx
61%
Johto Will GSC, HGSS Jynx
61%
Sinnoh Candice BDSP (Rematch only) Jynx
61%
Sinnoh Gardenia B2W2 Leafeon
61%
Unova N B2W2 Leafeon
61%
Alola Hau SM (Conditionally), USUM (Conditionally) Leafeon
61%
Hisui Adaman Legends: Arceus Leafeon
61%
Paldea Penny/Cassiopeia SV Leafeon
61%
Kitakami Perrin SV Leafeon
61%
Kanto Bruno HGSS (Rematch only) Lucario
61%
Johto Jasmine B2W2 Lucario
61%
Hoenn Anabel SM, USUM Lucario
61%
Sinnoh Maylene DPPt, B2W2, BDSP Lucario
61%
Sinnoh Cynthia DPPt, BW, B2W2, SM, USUM, BDSP Lucario
61%
Sinnoh Riley DPPt, BDSP Lucario
61%
Unova Marshal B2W2 (Rematch only)/(Challenge Mode only) Lucario
61%
Kalos Korrina XY Lucario
61%
Kalos Korrina XY Lucario
61%
Kalos Emma Legends: Z-A Lucario
61%
Kalos AZ Legends: Z-A (gift) Lucario
61%
Alola Gladion SM, USUM Lucario
61%
Hisui Volo Legends: Arceus Lucario
61%
Hisui Rye Legends: Arceus Lucario
61%
Paldea Eri SV Lucario
61%
Sinnoh Maylene DPPt, BDSP Machoke
61%
Unova Ingo Legends: Arceus Machoke
61%
Kalos Korrina XY Machoke
61%
Kalos Josée Legends: Z-A Machoke
61%
Kalos Korrina XY (Gift) (Mega) Lucario
61%
Kalos Korrina XY Mega Lucario
61%
Kanto Jessie & James Yellow Meowth
61%
Unova Yancy B2W2 (Traded to the player) Meowth
61%
Johto Whitney GSC, HGSS, B2W2 Miltank
61%
Kanto Blaine Yellow, B2W2, LGPE Ninetales
61%
Kanto Blue Yellow (Conditionally) Ninetales
61%
Kanto Green LGPE Ninetales
61%
Sinnoh Flint BDSP (Rematch only) Ninetales
61%
Unova N B2W2 Ninetales
61%
Kalos Dexio Moon, UM Ninetales
61%
Alola Kukui USUM Ninetales
61%
Galar Kabu SwSh Ninetales
61%
Kitakami Carmine SV Ninetales
61%
Kanto Blaine RGB, FRLG Ponyta
61%
Hoenn Flannery Emerald (Rematch only) Ponyta
61%
Sinnoh Barry DPPt (Conditionally), BDSP (Conditionally) Ponyta
61%
Kanto Misty LGPE Psyduck
61%
Kanto Misty B2W2 Seaking
61%
Hoenn Wallace RS, ORAS Seaking
61%
Galar Nessa SwSh Seaking
61%
Alola Nanu SM, USUM Alolan Persian
60%
Kanto Misty LGPE (Rematch only) Dewgong
60%
Kanto Lorelei RGBY, FRLG, LGPE Dewgong
60%
Johto Pryce GSC, HGSS, B2W2 Dewgong
60%
Unova Brycen B2W2 Dewgong
60%
Kanto Jessie Yellow, LGPE Ekans
60%
Galar Bede SwSh Galarian Rapidash
60%
Galar Avery Sh (Rematch only) Galarian Rapidash
60%
Kanto Blaine RGB, FRLG Growlithe
60%
Kanto Blue RGB (Conditionally), FRLG (Conditionally) Growlithe
60%
Hoenn Flannery Emerald (Rematch only) Growlithe
60%
Alola Kiawe Sun Growlithe
60%
Hisui Palina Legends: Arceus (Unused in battle) Hisuian Growlithe
60%
Kitakami Perrin SV (Unused in battle) Hisuian Growlithe
60%
Kitakami Perrin SV (Gift) Hisuian Growlithe
60%
Kanto Bruno RGBY, GSC, FRLG, HGSS, LGPE Hitmonchan
60%
Johto Chuck HGSS (Rematch only), B2W2 Hitmonchan
60%
Hoenn Brawly Emerald (Rematch only) Hitmonchan
60%
Kanto Lance FRLG (Rematch only), B2W2 Kingdra
60%
Johto Clair GSC, HGSS, B2W2 Kingdra
60%
Hoenn Juan Emerald, B2W2 Kingdra
60%
Hoenn Drake Emerald, ORAS Kingdra
60%
Sinnoh Crasher Wake BDSP (Rematch only) Kingdra
60%
Unova Drayton SV Kingdra
60%
Kanto Giovanni RGBY, FRLG, HGSS, B2W2, USUM, LGPE Nidoking
60%
Sinnoh Bertha BDSP (Rematch only) Nidoking
60%
Kanto Giovanni Yellow, LGPE Persian
60%
Kalos Emma/Essentia XY (Xerosic's Pokémon) Persian
60%
Kalos Evelyn XY, ORAS Persian
60%
Paldea Salvatore SV Persian
60%
Kitakami O'Nare SV Persian
60%
Kanto Blaine RGBY, GSC, FRLG, HGSS, B2W2, LGPE Rapidash
60%
Kanto Trace LGPE Rapidash
60%
Hoenn Flannery Emerald (Rematch only) Rapidash
60%
Sinnoh Flint DPPt, BDSP Rapidash
60%
Sinnoh Barry DPPt (Conditionally), BDSP (Conditionally) Rapidash
60%
Unova N B2W2 Rapidash
60%
Hisui Zisu Legends: Arceus (Rematch only) Rapidash
60%
Kanto Red GSC, HGSS, B2W2, SM, USUM, LGPE Snorlax
60%
Hoenn Anabel Emerald, SM, USUM Snorlax
60%
Sinnoh Barry DPPt, BDSP Snorlax
60%
Unova Yancy B2W2 (Traded to the player) Snorlax
60%
Unova Curtis B2W2 (Traded to the player) Snorlax
60%
Alola Kukui/The Masked Royal SM, USUM Snorlax
60%
Galar Hop SwSh Snorlax
60%
Hisui Kamado Legends: Arceus Snorlax
60%
Kalos Valerie XY Sylveon
60%
Kalos Shauna XY Sylveon
60%
Galar Bede SwSh (Rematch only) Sylveon
60%
Hisui Bren (Security Corps) Legends: Arceus Sylveon
60%
Paldea Penny/Cassiopeia SV Sylveon
60%
Kalos Jacinthe Legends: Z-A Sylveon
60%
Kanto Erika Yellow, LGPE Weepinbell
60%
Kalos Ramos XY Weepinbell
60%
Kanto Sabrina Yellow Abra
59%
Kanto Blue RGB, FRLG Abra
59%
Galar Avery Sh Abra
59%
Hisui Cyllene Legends: Arceus (Unused in battle) Abra
59%
Kanto Lt. Surge HGSS (Rematch only), B2W2 Electivire
59%
Sinnoh Volkner Pt, B2W2, BDSP (Rematch only) Electivire
59%
Alola Sophocles SM, USUM Electivire
59%
Hisui Sabi Legends: Arceus Electivire
59%
Paldea Iono SV (Rematch only) Electivire
59%
Hoenn Shelly AS Grimer
59%
Unova Roxie B2W2 (Challenge Mode only) Grimer
59%
Hoenn Roxanne Emerald (Rematch only) Kabuto
59%
Hoenn Brawly RSE, ORAS Machop
59%
Alola Hala USUM Machop
59%
Kalos Josée Legends: Z-A Machop
59%
Kanto Sabrina RGB, GSC, FRLG, HGSS, B2W2, LGPE Mr. Mime
59%
Sinnoh Lucian DPPt, BDSP Mr. Mime
59%
Sinnoh Dawn BDSP (Conditionally) Mr. Mime
59%
Kalos Valerie XY Mr. Mime
59%
Alola Mina LGPE Mr. Mime
59%
Hisui Rei/Akari Legends: Arceus Mr. Mime
59%
Kanto Janine B2W2 Nidoqueen
59%
Kanto Giovanni RGBY, FRLG, HGSS, B2W2, USUM, LGPE Nidoqueen
59%
Johto Bugsy HGSS (Rematch only), B2W2 Scizor
59%
Sinnoh Aaron Pt, BDSP (Rematch only) Scizor
59%
Unova N B2W2 Scizor
59%
Kalos Wikstrom XY Scizor
59%
Alola Guzma SM, USUM Scizor
59%
Galar Peony SwSh (Rematch only) Scizor
59%
Paldea Raifort SV Scizor
59%
Unova Amarys SV Scizor
59%
Kalos Philippe Legends: Z-A Scizor
59%
Alola Samson Oak UM (Gift) Totem Alolan Raticate
59%
Kanto Koga Yellow, GSC, HGSS, LGPE Venomoth
59%
Kanto Janine GSC, HGSS, B2W2 Venomoth
59%
Kanto Sabrina RGB, FRLG Venomoth
59%
Kanto Blue Yellow (Conditionally) Vulpix
59%
Kitakami Carmine SV Vulpix
59%
Alola Hapu SM Alolan Dugtrio
58%
Alola Molayne SM, USUM Alolan Dugtrio
58%
Unova Amarys SV Alolan Dugtrio
58%
Kanto Green LGPE Clefable
58%
Johto Whitney HGSS (Rematch only), B2W2 Clefable
58%
Sinnoh Lucas/Dawn BDSP Clefable
58%
Unova Lenora B2W2 Clefable
58%
Kalos Calem/Serena XY (Rematch only) Clefable
58%
Alola Lusamine SM, USUM Clefable
58%
Hisui Kamado Legends: Arceus Clefable
58%
Johto Whitney GSC, HGSS Clefairy
58%
Sinnoh Lucas/Dawn DPPt, BDSP Clefairy
58%
Alola Lillie USUM Clefairy
58%
Hisui Rei/Akari Legends: Arceus Clefairy
58%
Kanto Brock GSC, HGSS, B2W2, LGPE (Rematch only) Kabutops
58%
Hoenn Roxanne Emerald (Rematch only) Kabutops
58%
Sinnoh Lucas BDSP (Conditionally) Kabutops
58%
Unova N B2W2 Kabutops
58%
Kanto Blaine HGSS (Rematch only), B2W2 Magmortar
58%
Hoenn Flannery B2W2 Magmortar
58%
Sinnoh Flint Pt, BDSP Magmortar
58%
Sinnoh Lucas/Dawn BDSP (Conditionally) Magmortar
58%
Unova Chili B2W2 Magmortar
58%
Hisui Sabi Legends: Arceus Magmortar
58%
Unova Crispin SV Magmortar
58%
Unova Crispin SV (Unused in battle) Magmortar
58%
Unova Crispin SV (Unused in battle) Magmortar
58%
Unova Crispin SV (Unused in battle) Magmortar
58%
Unova Crispin SV (Unused in battle) Magmortar
58%
Unova Crispin SV (Unused in battle) Magmortar
58%
Kalos Jacinthe Legends: Z-A (Mega) Clefable
58%
Kanto Giovanni US (Mega) Mewtwo (X)
58%
Kanto Giovanni UM (Mega) Mewtwo (Y)
58%
Alola Hau SM, USUM Pichu
58%
Kanto Brock B2W2 Rhyperior
58%
Kanto Blue HGSS (Rematch only), SM, USUM Rhyperior
58%
Kanto Giovanni B2W2, USUM Rhyperior
58%
Sinnoh Bertha Pt, BDSP (Rematch only) Rhyperior
58%
Sinnoh Palmer DPPt, HGSS, BDSP Rhyperior
58%
Unova N B2W2 Rhyperior
58%
Galar Leon SwSh (Conditionally) Rhyperior
58%
Hisui Sabi Legends: Arceus Rhyperior
58%
Kanto Erika RGB, GSC, FRLG, HGSS, B2W2, LGPE (Rematch only) Victreebel
58%
Kanto Green LGPE Victreebel
58%
Kalos Ramos XY Victreebel
58%
Paldea Jacq SV Victreebel
58%
Kanto Lorelei LGPE (Rematch only) Alolan Sandslash
57%
Kalos Sina Sun, US Alolan Sandslash
57%
Alola Molayne SM Alolan Sandslash
57%
Paldea Salvatore SV Alolan Sandslash
57%
Hoenn Winona Emerald (Rematch only) Dratini
57%
Unova Benga W2 (Gift) Dratini (Shiny)
57%
Kanto Giovanni RGBY, FRLG, USUM, LGPE Dugtrio
57%
Paldea Rika SV Dugtrio
57%
Kanto Bruno GSC, HGSS Hitmontop
57%
Johto Chuck B2W2 Hitmontop
57%
Hoenn Brawly Emerald (Rematch only), B2W2 Hitmontop
57%
Sinnoh Maylene Pt (Rematch only), BDSP (Rematch only) Hitmontop
57%
Galar Bea Sw Hitmontop
57%
Paldea Dendra SV Hitmontop
57%
Kanto Bruno LGPE Poliwrath
57%
Johto Chuck GSC, HGSS, B2W2 Poliwrath
57%
Sinnoh Crasher Wake B2W2 Poliwrath
57%
Alola Hala SM, USUM Poliwrath
57%
Kitakami Kieran SV Poliwrath
57%
Kanto Blue Yellow Sandslash
57%
Kanto Giovanni B2W2 Sandslash
57%
Unova Clay B2W2 Sandslash
57%
Kalos Sina Sun, US Sandslash
57%
Hoenn Brandon Emerald Articuno
55%
Kalos Dana XY, ORAS Articuno
55%
Hoenn Norman Emerald (Rematch only) Chansey
55%
Sinnoh Cheryl DPPt, BDSP Chansey
55%
Kanto Blue Yellow (Conditionally) Cloyster
55%
Kanto Lorelei RGBY, FRLG, LGPE Cloyster
55%
Johto Pryce B2W2 Cloyster
55%
Unova Marlon B2W2 Cloyster
55%
Unova N B2W2 Cloyster
55%
Alola Lana USUM Cloyster
55%
Paldea Arven SV Cloyster
55%
Kanto Misty GSC, HGSS, B2W2, LGPE (Rematch only) Golduck
55%
Unova Cress B2W2 Golduck
55%
Alola Mina LGPE Jigglypuff
55%
Johto Bugsy GSC, HGSS Metapod
55%
Hoenn Brandon Emerald Moltres
55%
Kalos Dana XY, ORAS Moltres
55%
Kanto Samuel Oak RGBY (Unused in battle), FRLG (Unused in battle), LGPE (Unused in battle) Nidorino
55%
Kanto Giovanni RGBY, FRLG Nidorino
55%
Kanto Trace LGPE Oddish
55%
Kanto Blue Yellow Sandshrew
55%
Johto Pryce GSC, HGSS Seel
55%
Hoenn Brandon Emerald Zapdos
55%
Sinnoh Dahlia Pt, HGSS Zapdos
55%
Kalos Dana XY, ORAS Zapdos
55%
Kanto Lt. Surge B2W2 Ampharos
54%
Hoenn Wattson Emerald (Rematch only) Ampharos
54%
Unova Elesa B2W2 Ampharos
54%
Kalos Canari Legends: Z-A Ampharos
54%
Johto Silver GSC (Conditionally), HGSS (Conditionally) Bayleef
54%
Kalos Urbain/Taunie Legends: Z-A (Conditionally) Bayleef
54%
Hoenn Flannery B2W2 Blaziken
54%
Hoenn Brendan/May ORAS (Conditionally) Blaziken
54%
Sinnoh Dahlia Pt, HGSS Blaziken
54%
Unova Crispin SV Blaziken
54%
Johto Silver GSC (Conditionally), HGSS (Conditionally) Chikorita
54%
Johto Elm GSC (Possible gift), HGSS (Possible gift) Chikorita
54%
Hoenn Birch Emerald (Possible gift), ORAS (Possible gift) Chikorita
54%
Kalos Urbain/Taunie Legends: Z-A (possible gift) Chikorita
54%
Kalos Urbain/Taunie Legends: Z-A (Conditionally) Chikorita
54%
Johto Silver GSC (Conditionally), HGSS (Conditionally) Cyndaquil
54%
Johto Elm GSC (Possible gift), HGSS (Possible gift) Cyndaquil
54%
Hoenn Birch Emerald (Possible gift), ORAS (Possible gift) Cyndaquil
54%
Hisui Laventon Legends: Arceus (Possible gift) Cyndaquil
54%
Kanto Sabrina B2W2, LGPE (Rematch only) Hypno
54%
Hoenn Tate & Liza Emerald (Rematch only) Hypno
54%
Alola Faba SM, USUM Hypno
54%
Paldea Miriam SV Hypno
54%
Johto Bugsy GSC, HGSS Kakuna
54%
Kalos Emma Legends: Z-A (Mega) Ampharos
54%
Hoenn Brendan/May ORAS (Conditionally) Mega Blaziken
54%
Kalos Urbain/Taunie Legends: Z-A (Conditionally) (Mega) Meganium
54%
Johto Silver GSC (Conditionally), HGSS (Conditionally) Meganium
54%
Paldea Miriam SV Meganium
54%
Kalos Urbain/Taunie Legends: Z-A (Conditionally) Meganium
54%
Johto Chuck GSC, HGSS, B2W2 Primeape
54%
Kalos Evelyn XY, ORAS Primeape
54%
Alola Hala SM Primeape
54%
Paldea Carmen SV Primeape
54%
Paldea Eri SV (Rematch only) Primeape
54%
Sinnoh Cynthia Pt, B2W2, SM, USUM, BDSP (Rematch only) Togekiss
54%
Sinnoh Dawn BDSP (Conditionally) Togekiss
54%
Sinnoh Mira Pt Togekiss
54%
Sinnoh Dahlia Pt, HGSS Togekiss
54%
Galar Opal SwSh Togekiss
54%
Galar Honey SwSh Togekiss
54%
Hisui Volo Legends: Arceus Togekiss
54%
Kanto Koga Yellow Venonat
54%
Kanto Koga Yellow Venonat
54%
Kanto Koga Yellow Venonat
54%
Kanto Agatha LGPE (Rematch only) Alolan Marowak
53%
Alola Kiawe Sun, USUM Alolan Marowak
53%
Kanto Erika GSC, HGSS, B2W2 Bellossom
53%
Sinnoh Gardenia Pt (Rematch only) Bellossom
53%
Sinnoh Dawn BDSP (Conditionally) Bellossom
53%
Galar Milo SwSh (Rematch only) Bellossom
53%
Johto Silver GSC (Conditionally), HGSS (Conditionally) Croconaw
53%
Kalos Urbain/Taunie Legends: Z-A (Conditionally) Croconaw
53%
Galar Klara Sw Galarian Slowbro
53%
Galar Avery Sh Galarian Slowbro
53%
Paldea Jacq SV Galarian Slowbro
53%
Unova Lacey SV Galarian Slowbro
53%
Johto Will HGSS (Rematch only) Gardevoir
53%
Hoenn Liza B2W2 Gardevoir
53%
Hoenn Wally RSE Gardevoir
53%
Galar Bede SwSh Gardevoir
53%
Hisui Beni Legends: Arceus Gardevoir
53%
Paldea Tulip SV Gardevoir
53%
Kalos Jacinthe Legends: Z-A Gardevoir
53%
Kanto Giovanni B2W2 Marowak
53%
Alola Kiawe Sun, US Marowak
53%
Kalos Diantha XY Mega Gardevoir
53%
Hoenn Steven ORAS Mega Metagross
53%
Kanto Sabrina B2W2 Metagross
53%
Johto Jasmine HGSS (Rematch only), B2W2 Metagross
53%
Hoenn Steven RSE, B2W2, ORAS Metagross
53%
Hoenn Tucker Emerald Metagross
53%
Sinnoh Riley Pt Metagross
53%
Unova Caitlin BW (Rematch only), B2W2 (Rematch only)/(Challenge Mode only) Metagross
53%
Unova Colress B2W2 (Rematch only), SM, USUM Metagross
53%
Kalos Dexio SM, USUM Metagross
53%
Alola Molayne SM, USUM Metagross
53%
Unova Amarys SV Metagross
53%
Kalos Griselle Legends: Z-A Metagross
53%
Kanto Brock GSC, HGSS, LGPE (Rematch only) Omastar
53%
Hoenn Roxanne Emerald (Rematch only) Omastar
53%
Unova N B2W2 Omastar
53%
Johto Bugsy HGSS (Rematch only), B2W2 Pinsir
53%
Alola Guzma SM, USUM Pinsir
53%
Hoenn Juan Emerald (Rematch only) Poliwhirl
53%
Alola Kukui SM, USUM (Unused in battle) Poliwhirl
53%
Kitakami Kieran SV Poliwhirl
53%
Johto Silver GSC (Conditionally), HGSS (Conditionally) Quilava
53%
Kanto Erika HGSS (Rematch only) Roserade
53%
Kanto Janine B2W2 Roserade
53%
Hoenn Wally ORAS Roserade
53%
Sinnoh Gardenia DPPt, B2W2, BDSP Roserade
53%
Sinnoh Cynthia DPPt, B2W2, BDSP Roserade
53%
Sinnoh Barry DPPt (Conditionally), BDSP (Conditionally) Roserade
53%
Kalos Tierno XY Roserade
53%
Hisui Volo Legends: Arceus Roserade
53%
Hisui Beni Legends: Arceus (Rematch only) Roserade
53%
Kalos Xavi Legends: Z-A Roserade
53%
Kalos Corbeau Legends: Z-A Roserade
53%
Kanto Misty B2W2 Slowbro
53%
Kanto Sabrina LGPE Slowbro
53%
Kanto Lorelei RGBY, FRLG, LGPE Slowbro
53%
Kanto Trace LGPE Slowbro
53%
Johto Will GSC, HGSS Slowbro
53%
Sinnoh Lucian BDSP (Rematch only) Slowbro
53%
Kalos Dexio Moon, UM Slowbro
53%
Alola Faba SM Slowbro
53%
Paldea Jacq SV Slowbro
53%
Kalos Yvon Legends: Z-A Slowbro
53%
Kanto Blue Yellow Spearow
53%
Kanto Erika RGBY, GSC, HGSS, LGPE Tangela
53%
Unova Ingo Legends: Arceus Tangela
53%
Hoenn Steven HGSS (Possible gift) Torchic
53%
Hoenn Brendan/May RSE (Conditionally), ORAS (Conditionally) Torchic
53%
Hoenn Birch RSE (Possible gift), ORAS (Possible gift) Torchic
53%
Alola Samson Oak US (Gift) Totem Alolan Marowak
53%
Johto Silver GSC (Conditionally), HGSS (Conditionally) Totodile
53%
Johto Elm GSC (Possible gift), HGSS (Possible gift) Totodile
53%
Hoenn Birch Emerald (Possible gift), ORAS (Possible gift) Totodile
53%
Kalos Urbain/Taunie Legends: Z-A (possible gift) Totodile
53%
Kalos Urbain/Taunie Legends: Z-A (Conditionally) Totodile
53%
Johto Silver GSC (Conditionally), HGSS (Conditionally) Typhlosion
53%
Sinnoh Dawn BDSP (Conditionally) Typhlosion
53%
Kanto Brock B2W2 Tyranitar
53%
Kanto Blue FRLG (Rematch only), HGSS (Rematch only), SM, USUM Tyranitar
53%
Sinnoh Roark Pt (Rematch only), BDSP (Rematch only) Tyranitar
53%
Unova Grimsley B2W2 (Challenge Mode (Rematch) only), SM, USUM Tyranitar
53%
Galar Gordie Sw (Rematch only) Tyranitar
53%
Kalos Grisham Legends: Z-A Tyranitar
53%
Johto Whitney B2W2 Wigglytuff
53%
Kalos Nita XY, ORAS Wigglytuff
53%
Alola Mina SM, LGPE Wigglytuff
53%
Paldea Ortega SV Wigglytuff
53%
Hoenn Brendan/May RSE (Conditionally), ORAS (Conditionally) Combusken
52%
Kanto Blue Yellow Fearow
52%
Johto Falkner B2W2 Fearow
52%
Johto Silver GSC (Conditionally), HGSS (Conditionally) Feraligatr
52%
Paldea Kofu SV (Rematch only) Feraligatr
52%
Kalos Urbain/Taunie Legends: Z-A (Conditionally) Feraligatr
52%
Hoenn Maxie USUM Groudon
52%
Kanto Bruno HGSS (Rematch only) Hariyama
52%
Hoenn Brawly Emerald (Rematch only), B2W2 Hariyama
52%
Sinnoh Cheryl Pt Hariyama
52%
Alola Hala SM, USUM Hariyama
52%
Paldea Dendra SV Hariyama
52%
Kanto Blue FRLG (Rematch only) Heracross
52%
Johto Bugsy HGSS (Rematch only), B2W2 Heracross
52%
Hoenn Brawly B2W2 Heracross
52%
Hoenn Greta Emerald Heracross
52%
Sinnoh Maylene BDSP (Rematch only) Heracross
52%
Sinnoh Aaron DPPt, BDSP Heracross
52%
Sinnoh Barry DPPt, BDSP Heracross
52%
Unova Burgh B2W2 Heracross
52%
Hisui Kamado Legends: Arceus (Rematch only) Heracross
52%
Paldea Katy SV (Rematch only) Heracross
52%
Kalos Ivor Legends: Z-A Heracross
52%
Kanto Blaine HGSS (Rematch only) Houndoom
52%
Kanto Archer GSC, HGSS Houndoom
52%
Johto Karen GSC, HGSS Houndoom
52%
Hoenn Flannery Emerald (Rematch only), B2W2 Houndoom
52%
Sinnoh Flint Pt, BDSP Houndoom
52%
Sinnoh Cyrus Pt, USUM Houndoom
52%
Sinnoh Darach Pt, HGSS Houndoom
52%
Unova Grimsley B2W2 (Rematch only), SM, USUM Houndoom
52%
Kalos Mable XY Houndoom
52%
Paldea Mela SV (Rematch only) Houndoom
52%
Paldea Clavell/Clive SV (Conditionally) Houndoom
52%
Kalos Vinnie Legends: Z-A Houndoom
52%
Hoenn Archie USUM Kyogre
52%
Unova Curtis B2W2 (Traded to the player) Mankey
52%
Alola Hala SM Mankey
52%
Kalos Urbain/Taunie Legends: Z-A (Conditionally) (Mega) Feraligatr
52%
Hoenn Juan Emerald (Rematch only), B2W2 Politoed
52%
Sinnoh Crasher Wake BDSP (Rematch only) Politoed
52%
Unova N B2W2 Politoed
52%
Kitakami Kieran SV Politoed
52%
Kanto Koga LGPE (Rematch only) Tentacruel
52%
Kanto Janine B2W2 Tentacruel
52%
Hoenn Wallace Emerald, ORAS Tentacruel
52%
Unova N B2W2 Tentacruel
52%
Hoenn Steven HGSS (Possible gift) Treecko
52%
Hoenn Brendan/May RSE (Conditionally), ORAS (Conditionally) Treecko
52%
Hoenn Birch RSE (Possible gift), ORAS (Possible gift) Treecko
52%
Kanto Lance LGPE (Rematch only) Alolan Exeggutor
51%
Kanto Koga GSC, HGSS Ariados
51%
Kanto Janine GSC, HGSS, B2W2 Ariados
51%
Kanto Janine HGSS Ariados
51%
Alola Guzma SM Ariados
51%
Kalos Naveen Legends: Z-A Ariados
51%
Johto Whitney B2W2 Blissey
51%
Hoenn Norman Emerald (Rematch only) Blissey
51%
Sinnoh Cheryl Pt Blissey
51%
Galar Honey SwSh Blissey
51%
Hoenn Birch ORAS (Possible gift) Chimchar
51%
Sinnoh Lucas/Dawn DPPt (Conditionally), BDSP (Conditionally) Chimchar
51%
Sinnoh Barry DPPt (Conditionally), BDSP (Conditionally) Chimchar
51%
Sinnoh Rowan DPPt (Possible gift), BDSP (Possible gift) Chimchar
51%
Paldea Jacq SV (Possible gift) Chimchar (Egg)
51%
Kanto Erika B2W2, LGPE (Rematch only) Exeggutor
51%
Kanto Sabrina B2W2 Exeggutor
51%
Kanto Blue RGB (Conditionally), GSC, FRLG (Conditionally), HGSS, B2W2, SM, USUM, LGPE Exeggutor
51%
Kanto Blue Yellow Exeggutor
51%
Johto Will GSC, HGSS Exeggutor
51%
Unova Crispin SV Exeggutor
51%
Kanto Lance B2W2 Flygon
51%
Hoenn Drake RSE, ORAS Flygon
51%
Hoenn Drake RS, ORAS Flygon
51%
Sinnoh Aaron BDSP (Rematch only) Flygon
51%
Unova Clay B2W2 Flygon
51%
Unova Drayden B2W2 Flygon
51%
Unova Hugh B2W2 Flygon
51%
Alola Hapu SM, USUM Flygon
51%
Galar Raihan SwSh Flygon
51%
Unova Drayton SV Flygon
51%
Galar Klara Sw (Rematch only) Galarian Slowking
51%
Galar Avery Sh (Rematch only) Galarian Slowking
51%
Galar Klara Sw Galarian Slowpoke
51%
Galar Avery Sh Galarian Slowpoke
51%
Hoenn Brendan/May RSE (Conditionally), ORAS (Conditionally) Grovyle
51%
Sinnoh Maylene B2W2, BDSP (Rematch only) Infernape
51%
Sinnoh Flint DPPt, BDSP Infernape
51%
Sinnoh Lucas/Dawn BDSP (Conditionally) Infernape
51%
Sinnoh Barry DPPt (Conditionally), BDSP (Conditionally) Infernape
51%
Hisui Rei/Akari Legends: Arceus (Conditionally, rematch only) Infernape
51%
Hisui Zisu Legends: Arceus (Rematch only) Infernape
51%
Paldea Nemona SV (Conditionally, rematch only) Infernape
51%
Kanto Lt. Surge HGSS (Rematch only) Manectric
51%
Hoenn Wattson Emerald, B2W2 Manectric
51%
Kalos Celosia XY Manectric
51%
Kalos Canari Legends: Z-A Manectric
51%
Kalos Urbain/Taunie Legends: Z-A (Mega) Manectric
51%
Hoenn Drake ORAS (Rematch only) Mega Salamence
51%
Hoenn Zinnia ORAS Mega Salamence
51%
Hoenn Brendan/May ORAS (Conditionally) Mega Sceptile
51%
Hoenn Steven HGSS (Possible gift) Mudkip
51%
Hoenn Brendan/May RSE (Conditionally), ORAS (Conditionally) Mudkip
51%
Hoenn Birch RSE (Possible gift), ORAS (Possible gift) Mudkip
51%
Hoenn Roxanne RSE, ORAS Nosepass
51%
Alola Olivia SM Nosepass
51%
Hoenn Roxanne Emerald (Rematch only) Omanyte
51%
Paldea Dendra SV Paldean Tauros (Aqua Breed)
51%
Paldea Dendra SV Paldean Tauros (Blaze Breed)
51%
Paldea Nemona SV (Unused in battle against the player) Paldean Tauros (Combat Breed)
51%
Paldea Nemona SV (Traded to the player) Paldean Tauros (Combat Breed)
51%
Kanto Lance HGSS (Rematch only), B2W2 Salamence
51%
Johto Clair B2W2 Salamence
51%
Hoenn Drake RSE, ORAS Salamence
51%
Hoenn Zinnia ORAS Salamence
51%
Hoenn Tucker Emerald Salamence
51%
Hoenn Anabel SM, USUM Salamence
51%
Sinnoh Riley Pt Salamence
51%
Unova Drayden B2W2 Salamence
51%
Unova Iris B2W2 (Challenge Mode (Rematch) only) Salamence
51%
Kalos Grisham Legends: Z-A Salamence
51%
Hoenn Brendan/May ORAS (Conditionally) Sceptile
51%
Sinnoh Dawn BDSP (Conditionally) Sceptile
51%
Alola Mallow Moon, UM Sceptile
51%
Unova Drayton SV Sceptile
51%
Kanto Sabrina B2W2 Slowking
51%
Hoenn Tate & Liza Emerald (Rematch only) Slowking
51%
Unova Cress B2W2 Slowking
51%
Kalos Olympia XY Slowking
51%
Kalos Dexio SM, USUM Slowking
51%
Kalos Xavi Legends: Z-A Slowking
51%
Hoenn Tate & Liza Emerald (Rematch only) Slowpoke
51%
Kalos Dexio Sun Slowpoke
51%
Kalos Zach Legends: Z-A Slowpoke
51%
Kanto Blue LGPE (Rematch only) Tauros
51%
Johto Whitney B2W2 Tauros
51%
Hoenn Norman Emerald (Rematch only) Tauros
51%
Sinnoh Lucas BDSP (Conditionally) Tauros
51%
Alola Hau USUM Tauros
51%
Paldea Larry SV (Rematch only) Tauros
51%
Kanto Blaine HGSS (Rematch only) Camerupt
50%
Hoenn Flannery Emerald, B2W2 Camerupt
50%
Hoenn Courtney Ruby, OR Camerupt
50%
Hoenn Tabitha Ruby, Emerald, OR Camerupt
50%
Hoenn Maxie Ruby, Emerald, OR, USUM Camerupt
50%
Unova Chili B2W2 Camerupt
50%
Paldea Rika SV Camerupt
50%
Unova Crispin SV Camerupt
50%
Kalos Griselle Legends: Z-A Camerupt
50%
Kanto Trace LGPE Cubone
50%
Kanto Giovanni RGB, FRLG, HGSS Kangaskhan
50%
Kanto Green LGPE Kangaskhan
50%
Hoenn Norman Emerald (Rematch only) Kangaskhan
50%
Sinnoh Johanna (Player's mother) DPPt (Super Contests only), BDSP (Super Contests only) Kangaskhan
50%
Unova Lenora B2W2 Kangaskhan
50%
Alola Kiawe Sun, US Kangaskhan
50%
Hoenn Maxie OR Mega Camerupt
50%
Kalos Philippe Legends: Z-A (Mega) Skarmory
50%
Hoenn Brendan/May ORAS (Conditionally) Mega Swampert
50%
Hoenn Steven Emerald, ORAS Metang
50%
Unova Colress B2W2 Metang
50%
Alola Molayne SM Metang
50%
Kanto Misty HGSS (Rematch only) Milotic
50%
Hoenn Wallace RSE, B2W2, ORAS Milotic
50%
Hoenn Lucy Emerald Milotic
50%
Sinnoh Cynthia DPPt, BW, B2W2, SM, USUM, BDSP Milotic
50%
Sinnoh Lucas/Dawn BDSP (Conditionally) Milotic
50%
Sinnoh Palmer DPPt, HGSS, BDSP Milotic
50%
Alola Lusamine SM, USUM Milotic
50%
Galar Oleana SwSh Milotic
50%
Paldea Nemona SV (Conditionally, rematch only) Milotic
50%
Kanto Agatha FRLG (Rematch only) Misdreavus
50%
Hoenn Wally RSE, ORAS Roselia
50%
Sinnoh Barry DPPt (Conditionally), BDSP (Conditionally) Roselia
50%
Kalos Xavi Legends: Z-A Roselia
50%
Johto Jasmine HGSS (Rematch only), B2W2 Skarmory
50%
Hoenn Winona RSE, B2W2, ORAS Skarmory
50%
Hoenn Steven RSE, ORAS Skarmory
50%
Sinnoh Byron Pt (Rematch only), BDSP (Rematch only) Skarmory
50%
Unova Skyla B2W2 Skarmory
50%
Alola Kahili SM Skarmory
50%
Alola Molayne SM Skarmory
50%
Unova Amarys SV Skarmory
50%
Unova Amarys SV (Traded to the player) Skarmory
50%
Hoenn Wallace B2W2 Swampert
50%
Hoenn Brendan/May ORAS (Conditionally) Swampert
50%
Hoenn Tucker Emerald Swampert
50%
Kanto Erika HGSS (Rematch only), B2W2 Tangrowth
50%
Sinnoh Gardenia B2W2 Tangrowth
50%
Sinnoh Lucas/Dawn BDSP (Conditionally) Tangrowth
50%
Unova Ingo Legends: Arceus Tangrowth
50%
Hoenn Roxanne B2W2 Aggron
49%
Hoenn Steven RSE, B2W2, ORAS Aggron
49%
Sinnoh Byron Pt (Rematch only), B2W2, BDSP (Rematch only) Aggron
49%
Unova Iris B2W2 Aggron
49%
Galar Peony SwSh Aggron
49%
Kalos Philippe Legends: Z-A Aggron
49%
Hoenn Steven RSE (Gift), ORAS (Gift) Beldum
49%
Hoenn Steven HGSS (Traded to the player) Beldum
49%
Johto Eusine Crystal, HGSS Drowzee
49%
Hoenn Tate & Liza Emerald (Rematch only) Drowzee
49%
Hoenn Brawly RSE, ORAS Makuhita
49%
Alola Hala SM, USUM Makuhita
49%
Hoenn Brendan/May RSE (Conditionally), ORAS (Conditionally) Marshtomp
49%
Johto Morty HGSS (Rematch only), B2W2 Mismagius
49%
Hoenn Phoebe ORAS (Rematch only) Mismagius
49%
Hoenn Anabel SM, USUM Mismagius
49%
Sinnoh Fantina DPPt, B2W2, BDSP Mismagius
49%
Unova Shauntal B2W2 (Rematch only) Mismagius
49%
Alola Lusamine SM Mismagius
49%
Hisui Beni Legends: Arceus Mismagius
49%
Paldea Iono SV Mismagius
49%
Johto Falkner HGSS (Rematch only), B2W2 Noctowl
49%
Hoenn Winona Emerald (Rematch only) Noctowl
49%
Kitakami Perrin SV Noctowl
49%
Hoenn Juan Emerald (Rematch only) Poliwag
49%
Kitakami Kieran SV Poliwag
49%
Hoenn Roxanne B2W2 Probopass
49%
Sinnoh Roark Pt (Rematch only), B2W2, BDSP (Rematch only) Probopass
49%
Unova Ingo Legends: Arceus Probopass
49%
Kalos Wikstrom XY Probopass
49%
Alola Olivia SM, USUM Probopass
49%
Hisui Kamado Legends: Arceus (Rematch only) Probopass
49%
Kitakami Kieran SV Probopass
49%
Kanto Brock HGSS (Rematch only) Rampardos
49%
Sinnoh Roark Pt (Rematch only), B2W2, BDSP (Rematch only) Rampardos
49%
Sinnoh Lucas BDSP (Conditionally) Rampardos
49%
Hoenn Spenser Emerald Suicune
49%
Kalos Evelyn XY, ORAS Suicune
49%
Hoenn Birch ORAS (Possible gift) Turtwig
49%
Sinnoh Gardenia DPPt, BDSP Turtwig
49%
Sinnoh Lucas/Dawn DPPt (Conditionally), BDSP (Conditionally) Turtwig
49%
Sinnoh Barry DPPt (Conditionally), BDSP (Conditionally) Turtwig
49%
Sinnoh Rowan DPPt (Possible gift), BDSP (Possible gift) Turtwig
49%
Paldea Jacq SV (Possible gift) Turtwig (Egg)
49%
Johto Pryce HGSS (Rematch only) Walrein
49%
Hoenn Wallace B2W2 Walrein
49%
Hoenn Juan Emerald (Rematch only), B2W2 Walrein
49%
Hoenn Glacia RSE, ORAS Walrein
49%
Unova Brycen B2W2 Walrein
49%
Kanto Lance HGSS (Rematch only) Altaria
48%
Johto Clair B2W2 Altaria
48%
Hoenn Winona RSE, B2W2, ORAS Altaria
48%
Hoenn Drake RSE, ORAS Altaria
48%
Hoenn Wally RSE, ORAS, SM, USUM Altaria
48%
Hoenn Zinnia ORAS Altaria
48%
Unova Drayden B2W2 Altaria
48%
Kalos Drasna XY Altaria
48%
Kalos Calem/Serena XY Altaria
48%
Paldea Larry SV Altaria
48%
Paldea Grusha SV Altaria
48%
Kalos Lebanne Legends: Z-A Altaria
48%
Kanto Erika B2W2 Cradily
48%
Hoenn Roxanne B2W2 Cradily
48%
Hoenn Steven RSE, B2W2, ORAS Cradily
48%
Sinnoh Lucas BDSP (Conditionally) Cradily
48%
Unova N B2W2 Cradily
48%
Alola Olivia USUM Cradily
48%
Kanto Sabrina HGSS (Rematch only) Gallade
48%
Hoenn Tate & Liza B2W2 Gallade
48%
Sinnoh Maylene B2W2 Gallade
48%
Sinnoh Lucian Pt, BDSP (Rematch only) Gallade
48%
Sinnoh Lucas BDSP Gallade
48%
Sinnoh Darach Pt, HGSS Gallade
48%
Unova Caitlin B2W2 (Rematch only) Gallade
48%
Galar Honey SwSh Gallade
48%
Hisui Beni Legends: Arceus Gallade
48%
Paldea Tulip SV (Rematch only) Gallade
48%
Kalos Ivor Legends: Z-A Gallade
48%
Kanto Lance HGSS (Rematch only) Garchomp
48%
Kanto Giovanni B2W2 Garchomp
48%
Johto Clair B2W2 Garchomp
48%
Hoenn Wally ORAS, SM, USUM Garchomp
48%
Sinnoh Cynthia DPPt, BW, B2W2, SM, USUM, BDSP Garchomp
48%
Unova Benga B2 Garchomp
48%
Alola Ryuki SM, USUM (Rematch only) Garchomp
48%
Hisui Volo Legends: Arceus Garchomp
48%
Kalos Lebanne Legends: Z-A Garchomp
48%
Kalos Calem/Serena XY (Conditionally) Greninja
48%
Kalos Shauna XY (Conditionally) Greninja
48%
Paldea Nemona SV (Conditionally, rematch only) Greninja
48%
Sinnoh Lucas/Dawn DPPt (Conditionally), BDSP (Conditionally) Grotle
48%
Sinnoh Barry DPPt (Conditionally), BDSP (Conditionally) Grotle
48%
Hisui Rei/Akari Legends: Arceus (Conditionally) Grotle
48%
Hoenn Wallace Emerald, B2W2, ORAS Ludicolo
48%
Hoenn Brendan/May Emerald (Conditionally) Ludicolo
48%
Sinnoh Crasher Wake Pt (Rematch only), B2W2, BDSP (Rematch only) Ludicolo
48%
Sinnoh Dahlia Pt, HGSS Ludicolo
48%
Galar Milo Sh (Rematch only) Ludicolo
48%
Kanto Blaine GSC, HGSS Magcargo
48%
Hoenn Flannery Emerald (Rematch only), B2W2 Magcargo
48%
Hoenn Brendan/May ORAS (Conditionally) Magcargo
48%
Kalos Dana XY, ORAS Magcargo
48%
Hoenn Lisia ORAS Mega Altaria
48%
Hoenn Wally ORAS, SM, USUM Mega Gallade
48%
Sinnoh Lucas/Dawn DPPt (Conditionally), BDSP (Conditionally) Monferno
48%
Sinnoh Barry DPPt (Conditionally), BDSP (Conditionally) Monferno
48%
Hisui Rei/Akari Legends: Arceus (Conditionally) Monferno
48%
Hoenn Flannery Emerald, ORAS Numel
48%
Hoenn Brendan/May RS (Conditionally) Numel
48%
Hoenn Courtney Ruby Numel
48%
Hoenn Tabitha Ruby, Emerald, OR Numel
48%
Hoenn Tabitha Ruby, Emerald Numel
48%
Kanto Lorelei FRLG (Rematch only) Piloswine
48%
Johto Pryce GSC, HGSS Piloswine
48%
Sinnoh Candice Pt Piloswine
48%
Kalos Dana XY, ORAS Piloswine
48%
Hisui Liam Legends: Arceus (Rematch only) Piloswine
48%
Hoenn Wally RSE Ralts
48%
Unova Yancy B2W2 (Traded to the player) Ralts
48%
Unova Curtis B2W2 (Traded to the player) Ralts
48%
Kalos Diantha XY (Traded to the player) Ralts
48%
Sinnoh Riley DPPt (Gift), BDSP (Gift) Riolu (Egg)
48%
Hoenn Drake RSE Shelgon
48%
Sinnoh Roark B2W2 Sudowoodo
48%
Sinnoh Bertha DP, BDSP Sudowoodo
48%
Paldea Brassius SV Sudowoodo
48%
Unova Yancy B2W2 (Traded to the player) Togepi
48%
Unova Curtis B2W2 (Traded to the player) Togepi
48%
Hisui Volo Legends: Arceus Togepi
48%
Sinnoh Cynthia Pt (Gift) Togepi (Egg)
48%
Kanto Blaine HGSS (Rematch only) Torkoal
48%
Hoenn Flannery RSE, B2W2, ORAS Torkoal
48%
Hoenn May Emerald (Conditionally) Torkoal
48%
Sinnoh Buck Pt Torkoal
48%
Kalos Malva XY Torkoal
48%
Kalos AZ XY Torkoal
48%
Galar Kabu SwSh (Rematch only) Torkoal
48%
Galar Raihan SwSh Torkoal
48%
Paldea Mela SV Torkoal
48%
Sinnoh Gardenia Pt (Rematch only), B2W2, BDSP (Rematch only) Torterra
48%
Sinnoh Lucas/Dawn BDSP (Conditionally) Torterra
48%
Sinnoh Barry DPPt (Conditionally), BDSP (Conditionally) Torterra
48%
Hisui Rei/Akari Legends: Arceus (Conditionally, rematch only) Torterra
48%
Paldea Rika SV (Rematch only) Torterra
48%
Johto Falkner B2W2 Xatu
48%
Johto Will GSC, HGSS Xatu
48%
Johto Will GSC, HGSS Xatu
48%
Hoenn Tate & Liza Emerald, B2W2 Xatu
48%
Sinnoh Roark DPPt, BDSP Cranidos
47%
Unova Curtis B2W2 (Traded to the player) Cranidos
47%
Johto Morty B2W2 Froslass
47%
Johto Pryce HGSS (Rematch only) Froslass
47%
Hoenn Glacia ORAS Froslass
47%
Hoenn Glacia ORAS Froslass
47%
Sinnoh Fantina BDSP (Rematch only) Froslass
47%
Sinnoh Candice Pt, B2W2, BDSP (Rematch only) Froslass
47%
Sinnoh Dawn BDSP Froslass
47%
Unova Shauntal BW (Rematch only), B2W2 (Rematch only) Froslass
47%
Unova N B2W2 Froslass
47%
Alola Acerola SM, USUM Froslass
47%
Galar Oleana SwSh Froslass
47%
Hisui Gaeric Legends: Arceus Froslass
47%
Paldea Saguaro SV Froslass
47%
Kalos Gwynn Legends: Z-A Froslass
47%
Johto Pryce HGSS (Rematch only) Glalie
47%
Hoenn Glacia RSE, ORAS Glalie
47%
Hoenn Glacia RSE, ORAS Glalie
47%
Sinnoh Candice B2W2 Glalie
47%
Hisui Gaeric Legends: Arceus Glalie
47%
Paldea Miriam SV Glalie
47%
Kalos Vinnie Legends: Z-A Glalie
47%
Kanto Lance B2W2 Haxorus
47%
Hoenn Drake ORAS (Rematch only) Haxorus
47%
Unova Drayden Black, B2W2 Haxorus
47%
Unova Iris White, B2W2 Haxorus
47%
Unova Cheren BW (Rematch only) Haxorus
47%
Unova Ingo BW, B2W2 Haxorus
47%
Unova Emmet BW, B2W2 Haxorus
47%
Galar Leon SwSh Haxorus
47%
Paldea Hassel SV Haxorus
47%
Unova Drayton SV Haxorus
47%
Kanto Archer GSC, HGSS Houndour
47%
Hoenn Flannery Emerald (Rematch only) Houndour
47%
Kanto Lance B2W2 Hydreigon
47%
Unova Drayden B2W2 Hydreigon
47%
Unova Iris B2W2 Hydreigon
47%
Unova Ghetsis BW, B2W2, USUM Hydreigon
47%
Hoenn Brendan/May Emerald (Conditionally) Lotad
47%
Hoenn Birch Emerald (Unused in battle) Lotad
47%
Hoenn Glacia ORAS (Rematch only) Mega Glalie
47%
Hoenn Phoebe ORAS (Rematch only) Mega Sableye
47%
Hoenn Wattson B2W2 Minun
47%
Unova Lacey SV Minun
47%
Johto Falkner HGSS (Rematch only) Pelipper
47%
Hoenn Winona RSE, B2W2, ORAS Pelipper
47%
Hoenn Brendan/May Emerald (Conditionally) Pelipper
47%
Sinnoh Volkner BDSP (Rematch only) Pelipper
47%
Galar Nessa SwSh Pelipper
47%
Paldea Kofu SV (Rematch only) Pelipper
47%
Hoenn Birch ORAS (Possible gift) Piplup
47%
Sinnoh Lucas/Dawn DPPt (Conditionally), BDSP (Conditionally) Piplup
47%
Sinnoh Barry DPPt (Conditionally), BDSP (Conditionally) Piplup
47%
Sinnoh Rowan DPPt (Possible gift), BDSP (Possible gift) Piplup
47%
Paldea Jacq SV (Possible gift) Piplup (Egg)
47%
Hoenn Wattson B2W2 Plusle
47%
Unova Lacey SV Plusle
47%
Johto Morty HGSS (Rematch only), B2W2 Sableye
47%
Hoenn Phoebe RSE, ORAS Sableye
47%
Unova Curtis B2W2 (Traded to the player) Sableye
47%
Kalos Lysandre Legends: Z-A Sableye
47%
Alola Acerola SM Sableye
47%
Alola Nanu SM, USUM Sableye
47%
Kalos Naveen Legends: Z-A Sableye
47%
Hoenn Flannery RSE, ORAS Slugma
47%
Hoenn Flannery RS Slugma
47%
Hoenn Brendan Emerald (Conditionally), ORAS (Conditionally) Slugma
47%
Hoenn Wallace Emerald, ORAS Wailord
47%
Hoenn Brendan/May ORAS (Conditionally) Wailord
47%
Sinnoh Cheryl Pt Wailord
47%
Unova Marlon B2W2 Wailord
47%
Kanto Erika B2W2 Abomasnow
46%
Johto Pryce HGSS (Rematch only) Abomasnow
46%
Hoenn Glacia ORAS (Rematch only) Abomasnow
46%
Sinnoh Candice DPPt, B2W2, BDSP Abomasnow
46%
Unova N B2W2 Abomasnow
46%
Kalos Wulfric XY Abomasnow
46%
Kalos Sina Sun, US Abomasnow
46%
Kalos Emma Legends: Z-A Abomasnow
46%
Hisui Clover Legends: Arceus Abomasnow
46%
Paldea Clavell/Clive SV Abomasnow
46%
Sinnoh Looker Pt (Unused in battle) Croagunk
46%
Galar Marnie SwSh Croagunk
46%
Paldea Carmen SV Croagunk
46%
Hoenn Anabel Emerald, SM, USUM Entei
46%
Sinnoh Darach Pt, HGSS Entei
46%
Kalos Evelyn XY, ORAS Entei
46%
Hoenn Steven B2W2 Excadrill
46%
Sinnoh Byron B2W2 Excadrill
46%
Unova Clay BW, B2W2 Excadrill
46%
Unova Ingo BW, B2W2 Excadrill
46%
Unova Emmet BW, B2W2 Excadrill
46%
Unova Lacey SV Excadrill
46%
Hoenn Wattson Emerald (Rematch only) Flaaffy
46%
Unova Elesa B2W2 Flaaffy
46%
Kalos Shauna XY (Conditionally) Froakie
46%
Kalos Shauna XY (Traded to the player, conditionally) Froakie
46%
Kalos Tierno XY (Possible gift) Froakie
46%
Johto Pryce HGSS (Rematch only), B2W2 Mamoswine
46%
Sinnoh Candice Pt (Rematch only), B2W2, BDSP (Rematch only) Mamoswine
46%
Sinnoh Bertha BDSP (Rematch only) Mamoswine
46%
Sinnoh Dawn BDSP (Conditionally) Mamoswine
46%
Unova Clay B2W2 Mamoswine
46%
Unova N B2W2 Mamoswine
46%
Hisui Liam Legends: Arceus (Rematch only) Mamoswine
46%
Kitakami Hideko SV Mamoswine
46%
Hoenn Brawly Emerald Meditite
46%
Sinnoh Maylene DPPt, BDSP Meditite
46%
Paldea Dendra SV (Traded to the player) Meditite
46%
Kalos Josée Legends: Z-A Meditite
46%
Kalos Tarragon Legends: Z-A (Mega) Excadrill
46%
Hoenn Archie AS Mega Sharpedo
46%
Kanto Ariana GSC, HGSS Murkrow
46%
Johto Karen GSC, HGSS Murkrow
46%
Sinnoh Cyrus DPPt, BDSP Murkrow
46%
Kalos Lysandre XY Murkrow
46%
Alola Kukui SM, USUM (Unused in battle) Murkrow
46%
Hoenn Anabel Emerald, SM, USUM Raikou
46%
Kalos Evelyn XY, ORAS Raikou
46%
Hoenn Brandon Emerald Regice
46%
Kalos Dana XY, ORAS Regice
46%
Hoenn Brandon Emerald Regirock
46%
Kalos Dana XY, ORAS Regirock
46%
Hoenn Wallace RS, ORAS Sealeo
46%
Hoenn Juan Emerald Sealeo
46%
Hoenn Glacia RSE Sealeo
46%
Hoenn Glacia RSE Sealeo
46%
Hoenn Wallace B2W2 Sharpedo
46%
Hoenn Sidney RS, ORAS Sharpedo
46%
Hoenn Matt Sapphire, AS Sharpedo
46%
Hoenn Shelly Sapphire, Emerald Sharpedo
46%
Hoenn Archie Sapphire, Emerald, AS, USUM Sharpedo
46%
Sinnoh Crasher Wake Pt (Rematch only) Sharpedo
46%
Unova Grimsley BW (Rematch only), SM, USUM Sharpedo
46%
Kalos Vinnie Legends: Z-A Sharpedo
46%
Kanto Erika HGSS (Rematch only) Shiftry
46%
Hoenn Sidney RSE, ORAS Shiftry
46%
Unova N B2W2 Shiftry
46%
Galar Milo Sw (Rematch only) Shiftry
46%
Kitakami Kieran SV Shiftry
46%
Hoenn Winona Emerald, B2W2 Tropius
46%
Hoenn Brendan/May Emerald Tropius
46%
Sinnoh Gardenia B2W2 Tropius
46%
Paldea Larry SV Tropius
46%
Hoenn Phoebe RSE, ORAS Dusclops
45%
Hoenn Phoebe RSE Dusclops
45%
Hoenn Wattson Emerald Electrike
45%
Johto Jasmine HGSS (Rematch only) Empoleon
45%
Sinnoh Crasher Wake B2W2 Empoleon
45%
Sinnoh Byron BDSP (Rematch only) Empoleon
45%
Sinnoh Lucas/Dawn BDSP (Conditionally) Empoleon
45%
Sinnoh Barry DPPt (Conditionally), BDSP (Conditionally) Empoleon
45%
Sinnoh Darach Pt, HGSS Empoleon
45%
Hisui Rei/Akari Legends: Arceus (Conditionally, rematch only) Empoleon
45%
Unova Amarys SV Empoleon
45%
Hoenn Winona Emerald (Rematch only) Hoothoot
45%
Kanto Misty HGSS (Rematch only), B2W2 Lanturn
45%
Kanto Lt. Surge B2W2 Lanturn
45%
Sinnoh Volkner Pt (Rematch only), BDSP (Rematch only) Lanturn
45%
Unova N B2W2 Lanturn
45%
Alola Lana USUM Lanturn
45%
Hoenn Tucker Emerald Latias
45%
Unova Benga W2 Latias
45%
Kalos Morgan XY, ORAS Latias
45%
Hoenn Anabel Emerald, SM, USUM Latios
45%
Unova Benga B2 Latios
45%
Kalos Evelyn XY, ORAS Latios
45%
Sinnoh Volkner DPPt, B2W2, BDSP Luxray
45%
Unova Elesa B2W2 Luxray
45%
Galar Mustard SwSh Luxray
45%
Hisui Zisu Legends: Arceus Luxray
45%
Paldea Iono SV (Rematch only) Luxray
45%
Unova Crispin SV (Traded to the player) Magby
45%
Hoenn Wattson Emerald (Rematch only) Mareep
45%
Kalos Emma Legends: Z-A Mareep
45%
Hoenn Sidney RSE, ORAS Mightyena
45%
Hoenn Courtney Ruby Mightyena
45%
Hoenn Tabitha Ruby, Emerald, OR Mightyena
45%
Hoenn Maxie Ruby, Emerald, OR Mightyena
45%
Hoenn Matt Sapphire, Emerald Mightyena
45%
Hoenn Shelly Sapphire, Emerald, AS Mightyena
45%
Hoenn Archie Sapphire, Emerald, AS, USUM Mightyena
45%
Kalos Aliana XY Mightyena
45%
Kitakami Carmine SV Mightyena
45%
Sinnoh Barry DPPt, BDSP Munchlax
45%
Sinnoh Rowan DP (Unused in battle), BDSP (Unused in battle) Munchlax
45%
Hisui Mai Legends: Arceus Munchlax
45%
Sinnoh Lucas/Dawn DPPt (Conditionally), BDSP (Conditionally) Prinplup
45%
Sinnoh Barry DPPt (Conditionally), BDSP (Conditionally) Prinplup
45%
Hisui Rei/Akari Legends: Arceus (Conditionally) Prinplup
45%
Kanto Misty GSC, HGSS, B2W2 Quagsire
45%
Sinnoh Crasher Wake DPPt, B2W2, BDSP Quagsire
45%
Sinnoh Bertha DP, BDSP Quagsire
45%
Unova Marlon B2W2 Quagsire
45%
Galar Nessa SwSh (Rematch only) Quagsire
45%
Hoenn Brandon Emerald Registeel
45%
Kalos Dana XY, ORAS Registeel
45%
Kanto Koga HGSS (Rematch only) Skuntank
45%
Sinnoh Jupiter DPPt, BDSP Skuntank
45%
Galar Piers SwSh Skuntank
45%
Hisui Melli Legends: Arceus Skuntank
45%
Paldea Atticus SV Skuntank
45%
Johto Karen HGSS (Rematch only) Spiritomb
45%
Sinnoh Fantina B2W2 Spiritomb
45%
Sinnoh Cynthia DPPt, BW, B2W2, SM, USUM, BDSP Spiritomb
45%
Unova Yancy B2W2 (Traded to the player) Spiritomb
45%
Unova Curtis B2W2 (Traded to the player) Spiritomb
45%
Hisui Volo Legends: Arceus Spiritomb
45%
Paldea Ryme SV (Rematch only) Spiritomb
45%
Kanto Koga HGSS (Rematch only) Toxicroak
45%
Kanto Janine HGSS (Rematch only) Toxicroak
45%
Sinnoh Maylene B2W2 Toxicroak
45%
Sinnoh Saturn DPPt, BDSP Toxicroak
45%
Unova Roxie B2W2 Toxicroak
45%
Unova Marshal BW (Rematch only) Toxicroak
45%
Unova Ghetsis B2W2 Toxicroak
45%
Alola Guzma Moon, UM Toxicroak
45%
Galar Marnie SwSh Toxicroak
45%
Hisui Coin Legends: Arceus Toxicroak
45%
Paldea Eri SV Toxicroak
45%
Johto Bugsy HGSS (Rematch only), B2W2 Yanmega
45%
Sinnoh Aaron Pt, BDSP (Rematch only) Yanmega
45%
Kitakami Kieran SV Yanmega
45%
Johto Bugsy B2W2 Armaldo
43%
Hoenn Roxanne B2W2 Armaldo
43%
Hoenn Steven RSE, B2W2, ORAS Armaldo
43%
Sinnoh Roark BDSP (Rematch only) Armaldo
43%
Unova N B2W2 Armaldo
43%
Alola Olivia USUM Armaldo
43%
Johto Morty B2W2 Banette
43%
Hoenn Phoebe RSE, ORAS Banette
43%
Hoenn Phoebe RSE, ORAS Banette
43%
Sinnoh Fantina Pt (Rematch only), BDSP (Rematch only) Banette
43%
Unova Shauntal B2W2 (Challenge Mode only) Banette
43%
Alola Acerola USUM Banette
43%
Paldea Ryme SV Banette
43%
Kalos Gwynn Legends: Z-A Banette
43%
Kalos Calem/Serena XY (Conditionally) Chesnaught
43%
Kalos Shauna XY (Conditionally) Chesnaught
43%
Paldea Geeta SV (Rematch only) Chesnaught
43%
Johto Clair B2W2 Druddigon
43%
Unova Drayden Black, B2W2 Druddigon
43%
Unova Iris White, B2W2 Druddigon
43%
Unova Alder BW Druddigon
43%
Kalos Drasna XY Druddigon
43%
Kalos Aliana XY Druddigon
43%
Kanto Blue RGB (Conditionally), FRLG (Conditionally) Exeggcute
43%
Kanto Blue Yellow Exeggcute
43%
Kanto Giovanni B2W2 Hippowdon
43%
Sinnoh Bertha DPPt, BDSP Hippowdon
43%
Unova N B2W2 Hippowdon
43%
Kalos Tarragon Legends: Z-A Hippowdon
43%
Kanto Giovanni HGSS Honchkrow
43%
Johto Falkner HGSS (Rematch only), B2W2 Honchkrow
43%
Johto Karen HGSS (Rematch only) Honchkrow
43%
Hoenn Winona B2W2 Honchkrow
43%
Sinnoh Dawn BDSP (Conditionally) Honchkrow
43%
Sinnoh Cyrus DPPt, USUM, BDSP Honchkrow
43%
Unova Grimsley B2W2 (Rematch only) Honchkrow
43%
Kalos Lysandre XY Honchkrow
43%
Alola Nanu SM Honchkrow
43%
Alola Guzma Moon, UM Honchkrow
43%
Hisui Zisu Legends: Arceus Honchkrow
43%
Paldea Giacomo SV (Rematch only) Honchkrow
43%
Paldea Salvatore SV Honchkrow
43%
Hoenn Brendan/May Emerald (Conditionally) Lombre
43%
Johto Chuck HGSS (Rematch only) Medicham
43%
Hoenn Brawly Emerald (Rematch only), B2W2 Medicham
43%
Sinnoh Maylene Pt (Rematch only), B2W2, BDSP (Rematch only) Medicham
43%
Sinnoh Candice DP, BDSP Medicham
43%
Sinnoh Lucian DP, BDSP Medicham
43%
Sinnoh Dahlia Pt, HGSS Medicham
43%
Unova Marshal B2W2 (Rematch only) Medicham
43%
Paldea Dendra SV Medicham
43%
Kalos Josée Legends: Z-A Medicham
43%
Kalos Ivor Legends: Z-A Medicham
43%
Kanto Blue Yellow (Conditionally) Shellder
43%
Alola Lana SM Shellder
43%
Paldea Arven SV Shellder
43%
Unova Cress B2W2 Simipour
43%
Unova Cheren BW (Conditionally) Simipour
43%
Unova Bianca BW (Conditionally) Simipour
43%
Unova Hugh B2W2 (Conditionally) Simipour
43%
Kalos Rintaro Legends: Z-A Simipour
43%
Kalos Naveen Legends: Z-A Spinarak
43%
Johto Falkner HGSS (Rematch only) Staraptor
43%
Hoenn Norman B2W2 Staraptor
43%
Sinnoh Barry DPPt, BDSP Staraptor
43%
Sinnoh Darach Pt, HGSS Staraptor
43%
Hisui Rei/Akari Legends: Arceus Staraptor
43%
Paldea Larry SV Staraptor
43%
Johto Pryce B2W2 Weavile
43%
Johto Karen HGSS (Rematch only) Weavile
43%
Hoenn Anabel SM, USUM Weavile
43%
Sinnoh Candice Pt (Rematch only), B2W2, BDSP (Rematch only) Weavile
43%
Sinnoh Marley Pt Weavile
43%
Sinnoh Cyrus DPPt, USUM, BDSP Weavile
43%
Unova Brycen B2W2 Weavile
43%
Unova Zinzolin B2W2 Weavile
43%
Kalos Mable XY Weavile
43%
Alola Gladion SM Weavile
43%
Hisui Mai Legends: Arceus (Rematch only) Weavile
43%
Paldea Grusha SV (Rematch only) Weavile
43%
Hoenn Wally ORAS Azumarill
42%
Unova Cress B2W2 Azumarill
42%
Paldea Ortega SV Azumarill
42%
Sinnoh Byron DPPt, B2W2, BDSP Bastiodon
42%
Paldea Poppy SV (Rematch only) Bastiodon
42%
Kalos Calem/Serena XY (Conditionally) Braixen
42%
Kalos Shauna XY (Conditionally) Chespin
42%
Kalos Shauna XY (Traded to the player, conditionally) Chespin
42%
Kalos Tierno XY (Possible gift) Chespin
42%
Hoenn Tate & Liza Emerald, B2W2 Claydol
42%
Hoenn Steven RSE, ORAS Claydol
42%
Hoenn Brendan/May ORAS (Battle Maison only) Claydol
42%
Sinnoh Buck DPPt, BDSP Claydol
42%
Unova Clay B2W2 Claydol
42%
Alola Faba USUM Claydol
42%
Unova Cheren BW (Conditionally) Dewott
42%
Unova Bianca BW (Conditionally), B2W2 Dewott
42%
Unova Hugh B2W2 (Conditionally) Dewott
42%
Johto Morty HGSS (Rematch only) Drifblim
42%
Hoenn Phoebe ORAS (Rematch only) Drifblim
42%
Sinnoh Fantina DP, Pt (Rematch only), B2W2, BDSP Drifblim
42%
Sinnoh Flint DP, BDSP Drifblim
42%
Sinnoh Cheryl Pt Drifblim
42%
Unova Skyla B2W2 Drifblim
42%
Unova Shauntal BW (Rematch only), B2W2 Drifblim
42%
Alola Acerola SM, USUM Drifblim
42%
Hisui Zisu Legends: Arceus (Rematch only) Drifblim
42%
Johto Morty HGSS (Rematch only), B2W2 Dusknoir
42%
Hoenn Phoebe ORAS Dusknoir
42%
Sinnoh Fantina Pt (Rematch only), B2W2, BDSP (Rematch only) Dusknoir
42%
Sinnoh Lucas BDSP (Conditionally) Dusknoir
42%
Sinnoh Buck Pt Dusknoir
42%
Sinnoh Dahlia Pt, HGSS Dusknoir
42%
Galar Allister Sh Dusknoir
42%
Paldea Nemona SV (Conditionally, rematch only) Dusknoir
42%
Unova Chili B2W2 Emboar
42%
Unova Cheren BW (Conditionally) Emboar
42%
Unova Bianca BW (Conditionally) Emboar
42%
Unova Hugh B2W2 (Conditionally) Emboar
42%
Unova Cyrano SV Emboar
42%
Kalos Urbain/Taunie Legends: Z-A (Conditionally) Emboar
42%
Kalos Shauna XY (Conditionally) Fennekin
42%
Kalos Shauna XY (Traded to the player, conditionally) Fennekin
42%
Kalos Tierno XY (Possible gift) Fennekin
42%
Kanto Misty HGSS (Rematch only) Floatzel
42%
Sinnoh Crasher Wake DPPt, B2W2, BDSP Floatzel
42%
Sinnoh Barry DPPt (Conditionally), BDSP (Conditionally) Floatzel
42%
Unova Cress B2W2 Floatzel
42%
Kanto Koga GSC, HGSS Forretress
42%
Johto Bugsy B2W2 Forretress
42%
Johto Jasmine B2W2 Forretress
42%
Sinnoh Byron B2W2 Forretress
42%
Paldea Katy SV (Rematch only) Forretress
42%
Hisui Volo Legends: Arceus Gible
42%
Hoenn Zinnia ORAS Goodra
42%
Kalos Diantha XY Goodra
42%
Kalos Shauna XY Goodra
42%
Galar Raihan SwSh Goodra
42%
Paldea Nemona SV Goodra
42%
Paldea Saguaro SV Goodra
42%
Kalos Urbain/Taunie Legends: Z-A Goodra
42%
Hisui Liam Legends: Arceus (Rematch only) Hisuian Goodra
42%
Kanto Misty B2W2 Jellicent
42%
Sinnoh Fantina B2W2 Jellicent
42%
Unova Marlon B2W2 Jellicent
42%
Unova Shauntal BW Jellicent
42%
Kalos Emma/Essentia XY (Xerosic's Pokémon) Jellicent
42%
Hoenn Liza RSE, B2W2, ORAS Lunatone
42%
Kalos Urbain/Taunie Legends: Z-A (Conditionally) (Mega) Emboar
42%
Kalos Corbeau Legends: Z-A (Mega) Scolipede
42%
Unova Cress BW Panpour
42%
Unova Cheren BW (Conditionally) Panpour
42%
Unova Bianca BW (Conditionally) Panpour
42%
Unova Cilan BW Pansage
42%
Unova Cheren BW (Conditionally) Pansage
42%
Unova Bianca BW (Conditionally) Pansage
42%
Unova Chili BW Pansear
42%
Unova Cheren BW (Conditionally) Pansear
42%
Unova Bianca BW (Conditionally) Pansear
42%
Galar Hyde SwSh (Gift) Porygon
42%
Unova Cress B2W2 Samurott
42%
Unova Cheren BW (Conditionally) Samurott
42%
Unova Bianca BW (Conditionally) Samurott
42%
Unova Hugh B2W2 (Conditionally) Samurott
42%
Unova Cyrano SV Samurott
42%
Unova Roxie B2W2 Scolipede
42%
Galar Klara Sw (Rematch only) Scolipede
42%
Kalos Xavi Legends: Z-A Scolipede
42%
Kalos Corbeau Legends: Z-A Scolipede
42%
Hoenn Lucy Emerald Seviper
42%
Unova Roxie B2W2 Seviper
42%
Paldea Raifort SV Seviper
42%
Unova Cilan B2W2 Simisage
42%
Unova Cheren BW (Conditionally) Simisage
42%
Unova Bianca BW (Conditionally) Simisage
42%
Unova Hugh B2W2 (Conditionally) Simisage
42%
Kalos Rintaro Legends: Z-A Simisage
42%
Unova Chili B2W2 Simisear
42%
Unova Cheren BW (Conditionally) Simisear
42%
Unova Bianca BW (Conditionally) Simisear
42%
Unova Hugh B2W2 (Conditionally) Simisear
42%
Kalos Rintaro Legends: Z-A Simisear
42%
Hoenn Norman RS, Emerald (Rematch only), ORAS Slaking
42%
Hoenn Norman RSE, B2W2, ORAS Slaking
42%
Hoenn Spenser Emerald Slaking
42%
Johto Silver GSC, HGSS Sneasel
42%
Sinnoh Candice DPPt, BDSP Sneasel
42%
Sinnoh Cyrus DPPt, BDSP Sneasel
42%
Unova Zinzolin B2W2 Sneasel
42%
Alola Gladion SM Sneasel
42%
Hoenn Birch ORAS (Possible gift) Snivy
42%
Unova Cheren BW (Conditionally) Snivy
42%
Unova Bianca BW (Conditionally) Snivy
42%
Unova Bianca B2W2 (Possible gift) Snivy
42%
Unova Hugh B2W2 (Conditionally) Snivy
42%
Unova Aurea Juniper BW (Possible gift) Snivy
42%
Hoenn Tate RSE, B2W2, ORAS Solrock
42%
Hoenn Birch ORAS (Possible gift) Tepig
42%
Unova Cheren BW (Conditionally) Tepig
42%
Unova Bianca BW (Conditionally) Tepig
42%
Unova Bianca B2W2 (Possible gift) Tepig
42%
Unova Hugh B2W2 (Conditionally) Tepig
42%
Unova Aurea Juniper BW (Possible gift) Tepig
42%
Kalos Urbain/Taunie Legends: Z-A (possible gift) Tepig
42%
Kalos Urbain/Taunie Legends: Z-A (Conditionally) Tepig
42%
Johto Whitney B2W2 Ursaring
42%
Sinnoh Riley Pt Ursaring
42%
Paldea Katy SV (Rematch only) Ursaring
42%
Hoenn Brendan/May Emerald (Conditionally) Wingull
42%
Johto Karen HGSS (Rematch only) Absol
41%
Hoenn Sidney RSE, ORAS Absol
41%
Sinnoh Lucas BDSP (Conditionally) Absol
41%
Sinnoh Riley Pt Absol
41%
Unova Grimsley B2W2 (Challenge Mode only), SM, USUM Absol
41%
Kalos Calem/Serena XY Absol
41%
Alola Nanu SM, UM Absol
41%
Kalos Calem/Serena XY (Conditionally) Delphox
41%
Kalos Shauna XY (Conditionally) Delphox
41%
Paldea Tulip SV (Rematch only) Delphox
41%
Sinnoh Cyrus US Dialga
41%
Sinnoh Fantina Pt Duskull
41%
Sinnoh Cynthia BW Eelektross
41%
Unova Elesa B2W2 Eelektross
41%
Unova Hugh B2W2 Eelektross
41%
Unova Ghetsis BW, B2W2 Eelektross
41%
Unova Emmet BW, B2W2 Eelektross
41%
Paldea Miriam SV Eelektross
41%
Kalos Calem/Serena XY (Conditionally) Frogadier
41%
Unova Benga B2 (Gift) Gible (Shiny)
41%
Unova Cheren BW (Rematch only) Gigalith
41%
Alola Olivia USUM Gigalith
41%
Galar Raihan SwSh Gigalith
41%
Johto Whitney HGSS (Rematch only) Girafarig
41%
Sinnoh Lucian DP, BDSP Girafarig
41%
Kalos Dana XY, ORAS Girafarig
41%
Unova Burgh BW, B2W2 Leavanny
41%
Kitakami Carmine SV Leavanny
41%
Hoenn Wallace RS, ORAS Luvdisc
41%
Hoenn Juan Emerald Luvdisc
41%
Alola Kukui SM, USUM (Unused in battle) Luvdisc
41%
Alola Kukui SM, USUM (Unused in battle) Luvdisc
41%
Alola Kukui SM, USUM (Unused in battle) Luvdisc
41%
Paldea Iono SV Luxio
41%
Johto Jasmine B2W2 Mawile
41%
Unova Yancy B2W2 (Traded to the player) Mawile
41%
Kalos Valerie XY Mawile
41%
Kalos Emma/Essentia XY (Xerosic's Pokémon) Mawile
41%
Alola Mina USUM Mawile
41%
Galar Opal SwSh Mawile
41%
Galar Bede SwSh Mawile
41%
Kalos Jacinthe Legends: Z-A Mawile
41%
Hoenn Sidney ORAS (Rematch only) Mega Absol
41%
Kalos Calem/Serena XY Mega Absol
41%
Kalos Canari Legends: Z-A (Mega) Eelektross
41%
Hoenn Birch ORAS (Possible gift) Oshawott
41%
Unova Cheren BW (Conditionally) Oshawott
41%
Unova Bianca BW (Conditionally) Oshawott
41%
Unova Bianca B2W2 (Possible gift) Oshawott
41%
Unova Hugh B2W2 (Conditionally) Oshawott
41%
Unova Aurea Juniper BW (Possible gift) Oshawott
41%
Hisui Laventon Legends: Arceus (Possible gift) Oshawott
41%
Kanto Lt. Surge HGSS (Rematch only) Pachirisu
41%
Kalos Evelyn XY, ORAS Pachirisu
41%
Paldea Saguaro SV Pachirisu
41%
Unova Cheren BW (Conditionally) Pignite
41%
Unova Bianca BW (Conditionally), B2W2 Pignite
41%
Unova Hugh B2W2 (Conditionally) Pignite
41%
Kalos Urbain/Taunie Legends: Z-A (Conditionally) Pignite
41%
Unova Colress SM, USUM Porygon2
41%
Sinnoh Cynthia BDSP (Rematch only) Porygon-Z
41%
Sinnoh Lucas BDSP (Conditionally) Porygon-Z
41%
Sinnoh Mira Pt Porygon-Z
41%
Unova Cheren B2W2 Porygon-Z
41%
Unova Colress SM, USUM Porygon-Z
41%
Alola Gladion SM (Rematch only), USUM (Rematch only) Porygon-Z
41%
Kitakami Kieran SV Porygon-Z
41%
Kalos Calem/Serena XY (Conditionally) Quilladin
41%
Kanto Brock HGSS (Rematch only), B2W2 Relicanth
41%
Hoenn Roxanne B2W2 Relicanth
41%
Hoenn Juan B2W2 Relicanth
41%
Sinnoh Roark B2W2, BDSP (Rematch only) Relicanth
41%
Alola Olivia SM Relicanth
41%
Hoenn Wattson B2W2 Rotom (Wash)
41%
Sinnoh Barry DPPt, BDSP Staravia
41%
Hisui Rei/Akari Legends: Arceus Staravia
41%
Sinnoh Barry DPPt, BDSP Starly
41%
Hisui Ress (Security Corps Legends: Arceus Starly
41%
Hoenn Winona Emerald Swablu
41%
Hoenn Brendan/May RS (Conditionally), ORAS (Conditionally) Wailmer
41%
Alola Hau SM (Conditionally), USUM (Conditionally) Brionne
40%
Hoenn Sidney RSE, ORAS Cacturne
40%
Paldea Giacomo SV (Rematch only) Cacturne
40%
Johto Morty B2W2 Chandelure
40%
Hoenn Flannery B2W2 Chandelure
40%
Hoenn Phoebe ORAS (Rematch only) Chandelure
40%
Unova Shauntal BW, B2W2 Chandelure
40%
Unova Alder B2W2 Chandelure
40%
Unova Bianca BW (Rematch only) Chandelure
40%
Unova Ingo BW, B2W2 Chandelure
40%
Unova Emmet BW, B2W2 Chandelure
40%
Kalos Malva XY Chandelure
40%
Galar Allister Sh Chandelure
40%
Kitakami Hideko SV Chandelure
40%
Alola Kukui SM, USUM (Unused in battle) Corsola
40%
Kanto Janine HGSS (Rematch only) Drapion
40%
Sinnoh Aaron DPPt, BDSP Drapion
40%
Unova Roxie B2W2 Drapion
40%
Unova Grimsley BW (Rematch only), SM, USUM Drapion
40%
Unova Ghetsis B2W2 Drapion
40%
Kalos Celosia XY Drapion
40%
Galar Klara Sw (Rematch only) Drapion
40%
Hisui Melli Legends: Arceus (Rematch only) Drapion
40%
Sinnoh Aaron DP, BDSP Dustox
40%
Alola Ryuki USUM Gabite
40%
Kanto Erika GSC, HGSS Jumpluff
40%
Sinnoh Gardenia Pt (Rematch only), BDSP (Rematch only) Jumpluff
40%
Unova Cilan B2W2 Jumpluff
40%
Unova Skyla B2W2 Jumpluff
40%
Kalos Ramos XY Jumpluff
40%
Alola Hala SM (Possible gift) Litten
40%
Alola Kukui USUM (Possible gift) Litten
40%
Alola Hau SM (Conditionally), USUM (Conditionally) Litten
40%
Johto Whitney B2W2 Lopunny
40%
Sinnoh Flint DP, BDSP Lopunny
40%
Sinnoh Dawn BDSP (Conditionally) Lopunny
40%
Unova Cheren B2W2 Lopunny
40%
Kalos Emma Legends: Z-A Lopunny
40%
Alola Lusamine USUM Lopunny
40%
Hisui Zisu Legends: Arceus (Rematch only) Lopunny
40%
Kalos Vinnie Legends: Z-A Lopunny
40%
Kanto Samuel Oak GS (Unused in battle), HGSS (Unused in battle) Marill
40%
Kalos Gwynn Legends: Z-A (Mega) Chandelure
40%
Galar Melony Sh (Rematch only) Mr. Rime
40%
Galar Leon SwSh (Conditionally) Mr. Rime
40%
Sinnoh Cyrus UM Palkia
40%
Kanto Erika LGPE (Rematch only) Parasect
40%
Alola Kukui SM (Conditionally), USUM Primarina
40%
Alola Hau SM (Conditionally), USUM (Conditionally) Primarina
40%
Unova Lacey SV Primarina
40%
Sinnoh Fantina B2W2 Rotom
40%
Sinnoh Volkner B2W2 Rotom
40%
Sinnoh Volkner B2W2 Rotom (Fan)
40%
Kanto Blaine B2W2 Rotom (Heat)
40%
Sinnoh Lucas BDSP (Conditionally) Rotom (Heat)
40%
Unova Crispin SV Rotom (Heat)
40%
Sinnoh Lucas BDSP (Conditionally) Rotom (Mow)
40%
Sinnoh Lucas BDSP (Conditionally) Rotom (Wash)
40%
Unova Colress B2W2 (Rematch only) Rotom (Wash)
40%
Unova Cilan B2W2 Serperior
40%
Unova Cheren BW (Conditionally) Serperior
40%
Unova Bianca BW (Conditionally) Serperior
40%
Unova Hugh B2W2 (Conditionally) Serperior
40%
Unova Cyrano SV Serperior
40%
Unova Cheren BW (Conditionally) Servine
40%
Unova Bianca BW (Conditionally), B2W2 Servine
40%
Unova Hugh B2W2 (Conditionally) Servine
40%
Galar Mustard SwSh Shinx
40%
Hisui Ress (Security Corps Legends: Arceus Shinx
40%
Hisui Liam Legends: Arceus (Rematch only) Swinub
40%
Hoenn Zinnia ORAS Tyrantrum
40%
Kalos Grant XY Tyrantrum
40%
Kalos Diantha XY Tyrantrum
40%
Kalos Trevor XY Tyrantrum
40%
Galar Peonia SwSh Tyrantrum
40%
Kalos Lebanne Legends: Z-A Tyrantrum
40%
Hoenn Norman RSE, ORAS Vigoroth
40%
Unova Burgh BW Whirlipede
40%
Unova Roxie B2W2 Whirlipede
40%
Galar Klara Sw Whirlipede
40%
Hoenn Wallace RSE, ORAS Whiscash
40%
Hoenn Juan Emerald, B2W2 Whiscash
40%
Sinnoh Bertha DPPt, BDSP Whiscash
40%
Hisui Liam Legends: Arceus (Rematch only) Whiscash
40%
Paldea Rika SV Whiscash
40%
Unova Elesa BW, B2W2 Zebstrika
40%
Unova Cyrano SV Zebstrika
40%
Johto Chuck HGSS (Rematch only) Breloom
39%
Hoenn Brawly B2W2 Breloom
39%
Hoenn Brendan/May ORAS (Conditionally) Breloom
39%
Hoenn Greta Emerald Breloom
39%
Sinnoh Gardenia B2W2, BDSP (Rematch only) Breloom
39%
Sinnoh Maylene Pt (Rematch only), BDSP (Rematch only) Breloom
39%
Unova Marshal BW (Rematch only) Breloom
39%
Paldea Brassius SV (Rematch only) Breloom
39%
Johto Jasmine HGSS (Rematch only) Bronzong
39%
Johto Will HGSS (Rematch only) Bronzong
39%
Hoenn Tate B2W2 Bronzong
39%
Sinnoh Byron B2W2 Bronzong
39%
Sinnoh Lucian DPPt, BDSP Bronzong
39%
Sinnoh Mars Pt Bronzong
39%
Sinnoh Jupiter Pt Bronzong
39%
Unova Caitlin BW (Rematch only) Bronzong
39%
Galar Shielbert SwSh Bronzong
39%
Galar Peony SwSh (Rematch only) Bronzong
39%
Hisui Arezu Legends: Arceus Bronzong
39%
Paldea Poppy SV Bronzong
39%
Hoenn Roxanne B2W2 Carracosta
39%
Unova Marlon B2W2 Carracosta
39%
Unova N BW Carracosta
39%
Hoenn Matt Sapphire Carvanha
39%
Hoenn Matt Sapphire Carvanha
39%
Hoenn Shelly Sapphire, Emerald, AS Carvanha
39%
Hoenn Juan Emerald, B2W2 Crawdaunt
39%
Hoenn Sidney Emerald Crawdaunt
39%
Unova Cress B2W2 Crawdaunt
39%
Kalos Tierno XY Crawdaunt
39%
Unova Brycen BW, B2W2 Cryogonal
39%
Unova Zinzolin B2W2 Cryogonal
39%
Unova Zinzolin B2W2 Cryogonal
39%
Kalos Wulfric XY Cryogonal
39%
Alola Hau SM (Conditionally), USUM (Conditionally) Dartrix
39%
Alola Kukui SM (Conditionally), USUM Decidueye
39%
Alola Hau SM (Conditionally), USUM (Conditionally) Decidueye
39%
Paldea Nemona SV (Conditionally, rematch only) Decidueye
39%
Unova Elesa BW, B2W2 Emolga
39%
Unova Elesa BW, B2W2 Emolga
39%
Kalos Clemont XY Emolga
39%
Kalos Lida Legends: Z-A Emolga
39%
Kalos Mani Legends: Z-A Emolga
39%
Unova Drayden Black Fraxure
39%
Unova Iris White Fraxure
39%
Unova Bianca B2W2 Fraxure
39%
Alola Hapu SM, USUM Gastrodon (East Sea)
39%
Hisui Wenton (Security Corps) Legends: Arceus Gastrodon (East Sea)
39%
Sinnoh Crasher Wake B2W2 Gastrodon (West Sea)
39%
Sinnoh Cynthia DP, BDSP Gastrodon (West Sea)
39%
Unova N B2W2 Gastrodon (West Sea)
39%
Hisui Bren (Security Corps) Legends: Arceus Gastrodon (West Sea)
39%
Alola Kukui SM (Conditionally), USUM Incineroar
39%
Alola Hau SM (Conditionally), USUM (Conditionally) Incineroar
39%
Kitakami Kieran SV Incineroar
39%
Alola Olivia USUM Lileep
39%
Kalos Emma XY (Unused in battle), Legends: Z-A (Unused in battle) Mimi
39%
Hoenn Tabitha Ruby, Emerald Poochyena
39%
Hoenn Matt Sapphire Poochyena
39%
Kitakami Carmine SV Poochyena
39%
Sinnoh Mars DPPt, BDSP Purugly
39%
Kalos Nita XY, ORAS Purugly
39%
Hisui Arezu Legends: Arceus Purugly
39%
Alola Hala SM (Possible gift) Rowlet
39%
Alola Kukui USUM (Possible gift) Rowlet
39%
Alola Hau SM (Conditionally), USUM (Conditionally) Rowlet
39%
Hisui Laventon Legends: Arceus (Possible gift) Rowlet
39%
Unova Yancy B2W2 (Traded to the player) Shieldon
39%
Sinnoh Candice DP, BDSP Snover
39%
Johto Falkner HGSS (Rematch only), B2W2 Swellow
39%
Hoenn Winona RS, B2W2, ORAS Swellow
39%
Hoenn Brendan/May RS, ORAS Swellow
39%
Kalos Grant XY Tyrunt
39%
Alola Olivia USUM Anorith
38%
Hoenn Steven B2W2 Archeops
38%
Sinnoh Roark B2W2 Archeops
38%
Unova Skyla B2W2 Archeops
38%
Unova Iris B2W2 Archeops
38%
Unova N BW Archeops
38%
Unova Emmet BW, B2W2 Archeops
38%
Sinnoh Aaron DP, BDSP Beautifly
38%
Unova N BW Boldore
38%
Unova Emmet B2W2 Boldore
38%
Alola Olivia SM Boldore
38%
Sinnoh Barry DPPt (Conditionally), BDSP (Conditionally) Buizel
38%
Hisui Volo Legends: Arceus Giratina (Altered Forme)
38%
Hisui Volo Legends: Arceus Giratina (Origin Forme)
38%
Hoenn Juan B2W2 Huntail
38%
Sinnoh Crasher Wake BDSP (Rematch only) Huntail
38%
Unova Cheren BW Liepard
38%
Unova Grimsley BW, B2W2, SM, USUM Liepard
38%
Kalos Bryony XY Liepard
38%
Alola Guzma Moon, UM Liepard
38%
Galar Marnie SwSh Liepard
38%
Hoenn Brawly B2W2 Mienshao
38%
Unova Marshal BW, B2W2 Mienshao
38%
Unova Bianca BW (Rematch only) Mienshao
38%
Kalos Lysandre XY Mienshao
38%
Galar Mustard SwSh Mienshao
38%
Sinnoh Marley Pt Ninjask
38%
Unova N B2W2 Ninjask
38%
Sinnoh Volkner DP, BDSP Octillery
38%
Alola Hala SM (Possible gift) Popplio
38%
Alola Kukui USUM (Possible gift) Popplio
38%
Alola Hau SM (Conditionally), USUM (Conditionally) Popplio
38%
Kanto Sabrina B2W2 Sigilyph
38%
Hoenn Winona B2W2 Sigilyph
38%
Unova Skyla B2W2 (Challenge Mode only) Sigilyph
38%
Unova Caitlin BW, B2W2 Sigilyph
38%
Unova N BW Sigilyph
38%
Kalos Olympia XY Sigilyph
38%
Kalos AZ XY Sigilyph
38%
Unova Cheren B2W2 Stoutland
38%
Unova Bianca BW, B2W2 Stoutland
38%
Alola Hau SM (Conditionally), USUM (Conditionally) Torracat
38%
Johto Bugsy HGSS (Rematch only) Vespiquen
38%
Sinnoh Aaron DPPt, BDSP Vespiquen
38%
Unova Burgh B2W2 Vespiquen
38%
Paldea Saguaro SV Vespiquen
38%
Kalos Viola XY Vivillon (Meadow Pattern)
38%
Kalos Yvon Legends: Z-A Vivillon (Meadow Pattern)
38%
Kalos Grant XY Amaura
37%
Kalos Grant XY Aurorus
37%
Kalos Diantha XY Aurorus
37%
Kalos Trevor XY Aurorus
37%
Kalos Jacinthe Legends: Z-A Aurorus
37%
Hoenn Birch RS (Unused in battle) Azurill
37%
Hoenn Glacia ORAS (Rematch only) Beartic
37%
Unova Brycen BW, B2W2 Beartic
37%
Paldea Grusha SV Beartic
37%
Johto Falkner B2W2 Dodrio
37%
Hoenn Drake ORAS (Rematch only) Dragalge
37%
Kalos Drasna XY Dragalge
37%
Kalos Dana XY, ORAS Dragalge
37%
Paldea Hassel SV Dragalge
37%
Paldea Atticus SV (Rematch only) Dragalge
37%
Hoenn Juan B2W2 Gorebyss
37%
Sinnoh Dawn BDSP (Conditionally) Gorebyss
37%
Hoenn Liza B2W2 Gothitelle
37%
Unova Caitlin BW, B2W2 Gothitelle
37%
Paldea Salvatore SV Gothitelle
37%
Unova Cyrano SV Gothitelle
37%
Kalos Korrina XY Hawlucha
37%
Kalos Diantha XY Hawlucha
37%
Kalos Tierno XY Hawlucha
37%
Alola Kahili USUM Hawlucha
37%
Galar Bea Sw Hawlucha
37%
Paldea Dendra SV Hawlucha
37%
Kalos Josée Legends: Z-A Hawlucha
37%
Kalos Ivor Legends: Z-A Hawlucha
37%
Unova Lenora BW Herdier
37%
Unova Bianca BW Herdier
37%
Unova Rood B2W2 Herdier
37%
Hisui Liam Legends: Arceus (Rematch only) Hisuian Sliggoo
37%
Hoenn Norman Emerald Linoone
37%
Unova Marlon B2W2 Mantine
37%
Kalos Morgan XY, ORAS Mantine
37%
Kalos Lebanne Legends: Z-A (Mega) Dragalge
37%
Kalos Dexio US Mime Jr.
37%
Hisui Rei/Akari Legends: Arceus Mime Jr.
37%
Johto Bugsy HGSS (Rematch only) Shedinja
37%
Hoenn Greta Emerald Shedinja
37%
Paldea Nemona SV Sliggoo
37%
Kalos Sina UM Smoochum
37%
Unova Burgh B2W2 Swadloon
37%
Kitakami Carmine SV Swadloon
37%
Unova Skyla BW, B2W2 Swanna
37%
Unova Yancy B2W2 (Traded to the player) Teddiursa
37%
Paldea Katy SV Teddiursa
37%
Kitakami Kieran SV Yanma
37%
Kalos Wikstrom XY Aegislash
36%
Galar Leon SwSh Aegislash
36%
Kalos Naveen Legends: Z-A Aegislash
36%
Johto Whitney B2W2 Ambipom
36%
Hoenn Norman B2W2 Ambipom
36%
Sinnoh Volkner DP, BDSP Ambipom
36%
Sinnoh Dawn BDSP (Conditionally) Ambipom
36%
Hisui Zisu Legends: Arceus Ambipom
36%
Paldea Eri SV Annihilape
36%
Unova Grimsley BW, B2W2, SM, USUM Bisharp
36%
Unova Ghetsis BW, USUM Bisharp
36%
Kalos Bryony XY Bisharp
36%
Alola Molayne USUM Bisharp
36%
Alola Guzma Moon, UM Bisharp
36%
Galar Sordward SwSh Bisharp
36%
Sinnoh Byron DP, BDSP Bronzor
36%
Sinnoh Mars DPPt, BDSP Bronzor
36%
Sinnoh Jupiter DPPt, BDSP Bronzor
36%
Sinnoh Saturn DPPt, BDSP Bronzor
36%
Hisui Arezu Legends: Arceus Bronzor
36%
Alola Lana SM Chinchou
36%
Kalos Siebold XY Clawitzer
36%
Paldea Kofu SV (Rematch only) Clawitzer
36%
Kalos Lida Legends: Z-A Clawitzer
36%
Unova Shauntal BW, B2W2 Cofagrigus
36%
Unova Ghetsis BW, B2W2, USUM Cofagrigus
36%
Johto Chuck B2W2 Conkeldurr
36%
Unova Marshal BW, B2W2 Conkeldurr
36%
Unova Alder B2W2 Conkeldurr
36%
Johto Whitney HGSS (Rematch only) Delcatty
36%
Hoenn Wally RSE, ORAS Delcatty
36%
Kalos Shauna XY Delcatty
36%
Kalos Sina Moon Delibird
36%
Hoenn Norman B2W2 Exploud
36%
Hoenn Brendan/May ORAS (Battle Maison only) Exploud
36%
Kalos AZ XY (Unused in battle) Floette (Eternal Flower)
36%
Kalos Asami Legends: Z-A Florges (Blue Flower)
36%
Kalos Trevor XY Florges (Orange Flower)
36%
Kalos Asami Legends: Z-A Florges (Orange Flower)
36%
Kalos Lysandre Legends: Z-A Florges (Red Flower)
36%
Paldea Tulip SV Florges (Red Flower)
36%
Kalos Asami Legends: Z-A Florges (Red Flower)
36%
Kalos Asami Legends: Z-A Florges (White Flower)
36%
Kalos Asami Legends: Z-A Florges (Yellow Flower
36%
Kanto Giovanni B2W2 Gliscor
36%
Sinnoh Bertha Pt, BDSP (Rematch only) Gliscor
36%
Sinnoh Lucas BDSP (Conditionally) Gliscor
36%
Unova Ingo Legends: Arceus Gliscor
36%
Unova Ingo Legends: Arceus Gliscor
36%
Kitakami Kieran SV Gliscor
36%
Kalos Ramos XY Gogoat
36%
Paldea Geeta SV Gogoat
36%
Kalos Andi Legends: Z-A Gogoat
36%
Hisui Zisu Legends: Arceus Hisuian Zoroark
36%
Unova Cilan B2W2 Lilligant
36%
Kalos Sina Sun, US Lilligant
36%
Alola Lusamine SM, USUM Lilligant
36%
Paldea Brassius SV (Rematch only) Lilligant
36%
Unova Cilan BW Lillipup
36%
Unova Chili BW Lillipup
36%
Unova Cress BW Lillipup
36%
Unova Cheren B2W2 Lillipup
36%
Unova Bianca BW Lillipup
36%
Kalos Urbain/Taunie Legends: Z-A (Mega) Floette (Eternal Flower)
36%
Kalos Griselle Legends: Z-A (Mega) Pyroar
36%
Kalos Naveen Legends: Z-A (Mega) Scrafty
36%
Paldea Rika SV (Traded to the player) Paldean Wooper
36%
Kalos Malva XY Pyroar
36%
Kalos Lysandre XY, Legends: Z-A Pyroar
36%
Kalos Grisham Legends: Z-A Pyroar
36%
Hoenn Tate B2W2 Reuniclus
36%
Unova Caitlin BW, B2W2 Reuniclus
36%
Unova Alder B2W2 Reuniclus
36%
Unova Amarys SV Reuniclus
36%
Galar Leon SwSh (Conditionally) Rillaboom
36%
Galar Hop SwSh (Conditionally) Rillaboom
36%
Galar Hop SwSh (Conditionally, rematch only) Rillaboom (G-Max)
36%
Hoenn Brawly B2W2 Scrafty
36%
Hoenn Sidney ORAS (Rematch only) Scrafty
36%
Unova Grimsley BW, B2W2, SM, USUM Scrafty
36%
Galar Piers SwSh Scrafty
36%
Galar Marnie SwSh Scrafty
36%
Kitakami Carmine SV Scrafty
36%
Kalos Naveen Legends: Z-A Scrafty
36%
Kalos Josée Legends: Z-A Scrafty
36%
Johto Bugsy B2W2 Shuckle
36%
Hoenn Lucy Emerald Shuckle
36%
Sinnoh Buck Pt Shuckle
36%
Galar Gordie Sw Shuckle
36%
Sinnoh Gardenia BDSP (Rematch only) Sunflora
36%
Paldea Brassius SV (Traded to the player) Sunflora
36%
Kalos Viola XY Surskit
36%
Kanto Samuel Oak Crystal (Unused in battle) Wooper
36%
Unova N Black, Black 2 Zekrom
36%
Unova Ghetsis US Zekrom
36%
Hoenn Sidney ORAS (Rematch only) Zoroark
36%
Unova N BW Zoroark
36%
Alola Gladion USUM Zoroark
36%
Paldea Raifort SV Zoroark
36%
Unova Rood B2W2 (Gift) Zorua
36%
Alola Gladion USUM Zorua
36%
Kalos Wulfric XY Avalugg
35%
Paldea Geeta SV Avalugg
35%
Kalos Urbain/Taunie Legends: Z-A Avalugg
35%
Johto Whitney HGSS (Rematch only) Bibarel
35%
Hisui Calaba Legends: Arceus (Unused in battle) Bibarel
35%
Hisui Ress (Security Corps Legends: Arceus Bidoof
35%
Unova Cyrano SV (Traded to the player) Blitzle (Shiny)
35%
Galar Leon SwSh (Conditionally) Cinderace
35%
Galar Hop SwSh (Conditionally) Cinderace
35%
Galar Hop SwSh (Conditionally, rematch only) Cinderace (G-Max)
35%
Kalos Tierno XY Corphish
35%
Galar Bede SwSh Gothorita
35%
Kalos Diantha XY Gourgeist
35%
Kalos Gwynn Legends: Z-A Gourgeist
35%
Galar Leon SwSh (Potential gift) Grookey
35%
Galar Hop SwSh (Conditionally) Grookey
35%
Hisui Gaeric Legends: Arceus (Rematch only) Hisuian Avalugg
35%
Unova Ingo Legends: Arceus Kleavor
35%
Paldea Tyme SV Kleavor
35%
Unova N BW Klink
35%
Unova Colress B2W2 Klink
35%
Sinnoh Crasher Wake B2W2 Lumineon
35%
Kalos Evelyn XY, ORAS Lumineon
35%
Paldea Raifort SV Lumineon
35%
Galar Allister Sh Mimikyu
35%
Paldea Ryme SV Mimikyu
35%
Unova Bianca BW Munna
35%
Unova Caitlin BW, B2W2 Musharna
35%
Unova Bianca BW, B2W2 Musharna
35%
Unova N White, White 2 Reshiram
35%
Unova Ghetsis UM Reshiram
35%
Unova Cress B2W2 Seismitoad
35%
Unova Clay B2W2 Seismitoad
35%
Unova Ghetsis BW, B2W2 Seismitoad
35%
Galar Leon SwSh (Conditionally) Seismitoad
35%
Galar Bea Sw Sirfetch'd
35%
Galar Sordward SwSh Sirfetch'd
35%
Galar Shielbert SwSh Sirfetch'd
35%
Galar Hop SwSh (Conditionally) Thwackey
35%
Alola Samson Oak USUM (Gift) Totem Mimikyu
35%
Hoenn Glacia ORAS (Rematch only) Vanilluxe
35%
Unova Brycen B2W2 Vanilluxe
35%
Unova Alder BW Vanilluxe
35%
Unova N BW, B2W2 Vanilluxe
35%
Kalos Lida Legends: Z-A Vanilluxe
35%
Unova Alder BW, B2W2 Volcarona
35%
Unova Benga B2W2 Volcarona
35%
Kalos Emma/Essentia XY (Xerosic's Pokémon) Volcarona
35%
Unova Lenora BW, B2W2 Watchog
35%
Unova Cheren B2W2 Watchog
35%
Unova Cheren B2W2 Watchog
35%
Hisui Bren (Security Corps) Legends: Arceus Wormadam (Plant Cloak)
35%
Sinnoh Rowan Pt (Unused in battle) Buneary
34%
Kalos Vinnie Legends: Z-A Buneary
34%
Sinnoh Gardenia Pt, B2W2, BDSP (Rematch only) Cherrim
34%
Galar Milo SwSh (Rematch only) Cherrim
34%
Kalos Trevor XY Flabébé (Orange Flower)
34%
Unova Clay B2W2 Golurk
34%
Unova Shauntal BW, B2W2 Golurk
34%
Kalos AZ XY Golurk
34%
Alola Hapu USUM Golurk
34%
Paldea Ryme SV (Rematch only) Golurk
34%
Hisui Liam Legends: Arceus Goomy
34%
Paldea Nemona SV Goomy
34%
Johto Will HGSS (Rematch only) Grumpig
34%
Hoenn Tate & Liza B2W2 Grumpig
34%
Kalos Nita XY, ORAS Grumpig
34%
Paldea Raifort SV Grumpig
34%
Galar Leon SwSh (Conditionally) Inteleon
34%
Galar Hop SwSh (Conditionally) Inteleon
34%
Galar Hop SwSh (Conditionally, rematch only) Inteleon (G-Max)
34%
Unova N BW Klinklang
34%
Unova Colress B2W2, SM, USUM Klinklang
34%
Unova Ingo BW, B2W2 Klinklang
34%
Unova Emmet BW, B2W2 Klinklang
34%
Galar Rose SwSh Klinklang
34%
Galar Shielbert SwSh Klinklang
34%
Kanto Giovanni B2W2 Krookodile
34%
Unova Clay B2W2 Krookodile
34%
Unova Grimsley BW, B2W2 Krookodile
34%
Unova Alder B2W2 Krookodile
34%
Alola Nanu SM Krookodile
34%
Alola Hapu SM, USUM Krookodile
34%
Paldea Giacomo SV (Rematch only) Krookodile
34%
Kalos Naveen Legends: Z-A Krookodile
34%
Kalos Tarragon Legends: Z-A Krookodile
34%
Unova Clay BW Palpitoad
34%
Unova Clay B2W2 Palpitoad
34%
Unova Cheren BW Purrloin
34%
Unova N BW Purrloin
34%
Unova N BW Scraggy
34%
Galar Marnie SwSh Scraggy
34%
Kalos Naveen Legends: Z-A Scraggy
34%
Hoenn Brendan/May RS (Conditionally), ORAS (Conditionally) Shroomish
34%
Galar Leon SwSh (Potential gift) Sobble
34%
Galar Hop SwSh (Conditionally) Sobble
34%
Kanto Koga HGSS (Rematch only) Swalot
34%
Kalos Morgan XY, ORAS Swalot
34%
Paldea Jacq SV Swalot
34%
Hoenn Wally ORAS Talonflame
34%
Kalos Malva XY Talonflame
34%
Kalos Tierno XY Talonflame
34%
Alola Kiawe USUM Talonflame
34%
Alola Mallow Moon, UM Talonflame
34%
Unova Crispin SV Talonflame
34%
Kalos Griselle Legends: Z-A Talonflame
34%
Alola Sophocles SM, USUM Togedemaru
34%
Alola Samson Oak UM (Gift) Totem Togedemaru
34%
Galar Klara Sw Venipede
34%
Kalos Xavi Legends: Z-A Venipede
34%
Kanto Sabrina HGSS (Rematch only) Wobbuffet
34%
Sinnoh Cheryl Pt Wobbuffet
34%
Unova Yancy B2W2 (Traded to the player) Wobbuffet
34%
Unova Curtis B2W2 (Traded to the player) Wobbuffet
34%
Sinnoh Dawn BDSP Wormadam (Plant Cloak)
34%
Sinnoh Dawn BDSP Wormadam (Sandy Cloak)
34%
Sinnoh Dawn BDSP Wormadam (Trash Cloak)
34%
Hoenn Norman B2W2 Zangoose
34%
Unova Cheren B2W2 Zangoose
34%
Sinnoh Gardenia DP, BDSP Cherubi
33%
Kalos Lida Legends: Z-A Clauncher
33%
Galar Hop SwSh (Conditionally) Drizzile
33%
Kalos Calem/Serena XY Espurr
33%
Unova Cilan B2W2 Ferrothorn
33%
Galar Rose SwSh Ferrothorn
33%
Unova Roxie B2W2 Garbodor
33%
Unova Roxie B2W2 Garbodor
33%
Unova Ingo BW, B2W2 Garbodor
33%
Unova Emmet BW, B2W2 Garbodor
33%
Kalos Lysandre Legends: Z-A Garbodor
33%
Kalos Corbeau Legends: Z-A Garbodor
33%
Galar Oleana SwSh Garbodor (G-Max)
33%
Kitakami Kieran SV Gligar
33%
Unova Ingo B2W2 Gurdurr
33%
Kalos Clemont XY Heliolisk
33%
Kalos Mani Legends: Z-A Heliolisk
33%
Kalos Canari Legends: Z-A Heliolisk
33%
Hisui Arezu Legends: Arceus Hisuian Lilligant
33%
Hoenn Sidney ORAS (Rematch only) Mandibuzz
33%
Unova Skyla B2W2 Mandibuzz
33%
Kalos Sina Sun, US Mandibuzz
33%
Alola Kahili SM, USUM Mandibuzz
33%
Unova Cyrano SV Mandibuzz
33%
Kalos Viola XY Masquerain
33%
Alola Guzma SM, USUM Masquerain
33%
Kalos Olympia XY Meowstic (Female)
33%
Kalos Serena XY Meowstic (Female)
33%
Kalos Taunie Legends: Z-A Meowstic (Female)
33%
Kalos Calem XY Meowstic (Male)
33%
Kalos Urbain Legends: Z-A Meowstic (Male)
33%
Unova Bianca B2W2 Mienfoo
33%
Kalos Korrina XY Mienfoo
33%
Kalos Lysandre XY Mienfoo
33%
Galar Mustard SwSh Mienfoo
33%
Sinnoh Lucas BDSP Mothim
33%
Hisui Wenton (Security Corps) Legends: Arceus Mothim
33%
Hoenn Zinnia ORAS Noivern
33%
Kalos Drasna XY Noivern
33%
Kalos Lysandre Legends: Z-A Noivern
33%
Alola Hau USUM Noivern
33%
Paldea Hassel SV Noivern
33%
Kalos Lebanne Legends: Z-A Noivern
33%
Unova Cheren B2W2 Patrat
33%
Galar Hop SwSh (Conditionally) Raboot
33%
Sinnoh Palmer DPPt, HGSS, BDSP Regigigas
33%
Unova N BW Sandile
33%
Galar Leon SwSh (Potential gift) Scorbunny
33%
Galar Hop SwSh (Conditionally) Scorbunny
33%
Kalos Augustine Sycamore XY (Unused in battle) Skiddo
33%
Alola Mallow USUM Trevenant
33%
Galar Hop SwSh Trevenant
33%
Kalos Yvon Legends: Z-A Trevenant
33%
Hisui Kamado Legends: Arceus (Rematch only) Ursaluna
33%
Unova Brycen BW Vanillish
33%
Kalos Lida Legends: Z-A Vanillish
33%
Kalos Lysandre US Xerneas
33%
Kalos Siebold XY Barbaracle
32%
Galar Gordie Sw Barbaracle
32%
Kalos Corbeau Legends: Z-A Barbaracle
32%
Hoenn Tate & Liza B2W2 Chimecho
32%
Kalos Canari Legends: Z-A Dedenne
32%
Alola Kiawe Sun Fletchinder
32%
Kitakami Kieran SV Furret
32%
Alola Guzma SM, USUM Golisopod
32%
Galar Nessa SwSh Golisopod
32%
Galar Sordward SwSh Golisopod
32%
Alola Ilima SM, USUM Gumshoos
32%
Kalos Wikstrom XY Klefki
32%
Kalos Morgan XY, ORAS Klefki
32%
Alola Mina SM Klefki
32%
Alola Molayne USUM Klefki
32%
Paldea Ortega SV (Rematch only) Klefki
32%
Kalos Andi Legends: Z-A Klefki
32%
Kalos Philippe Legends: Z-A Klefki
32%
Unova Clay BW, B2W2 Krokorok
32%
Unova Clay B2W2 Krokorok
32%
Alola Nanu SM, USUM Krokorok
32%
Paldea Tyme SV Lycanroc (Dusk)
32%
Alola Kukui SM, USUM Lycanroc (Midday)
32%
Galar Mustard SwSh Lycanroc (Midday)
32%
Paldea Nemona SV Lycanroc (Midday)
32%
Paldea Tyme SV Lycanroc (Midday)
32%
Alola Olivia SM, USUM Lycanroc (Midnight)
32%
Alola The Masked Royal SM, USUM Lycanroc (Midnight)
32%
Paldea Tyme SV Lycanroc (Midnight)
32%
Paldea Nemona SV (Conditionally) Meowscarada
32%
Paldea Clavell/Clive SV (Conditionally) Meowscarada
32%
Galar Bea Sw Pangoro
32%
Kalos Josée Legends: Z-A Pangoro
32%
Kalos Grisham Legends: Z-A Pangoro
32%
Unova Marshal BW, B2W2 Sawk
32%
Kitakami Kieran SV Sentret
32%
Unova Marshal BW, B2W2 Throh
32%
Alola Samson Oak US (Gift) Totem Gumshoos
32%
Unova Cheren BW Tranquill
32%
Unova Hugh B2W2 Tranquill
32%
Unova Skyla BW, B2W2 Unfezant
32%
Unova Cheren BW Unfezant
32%
Unova Hugh B2W2 Unfezant
32%
Sinnoh Cynthia BW Braviary
30%
Unova Lenora B2W2 Braviary
30%
Unova Skyla B2W2 Braviary
30%
Unova Alder B2W2 Braviary
30%
Kalos Dexio Moon, UM Braviary
30%
Alola Kahili USUM Braviary
30%
Alola Kukui/The Masked Royal SM, USUM Braviary
30%
Paldea Larry SV (Rematch only) Braviary
30%
Hoenn Steven ORAS (Rematch only) Carbink
30%
Alola Olivia SM Carbink
30%
Kalos Andi Legends: Z-A Carbink
30%
Kalos Jacinthe Legends: Z-A Carbink
30%
Hoenn Norman B2W2 Castform
30%
Unova Cheren B2W2 Castform
30%
Paldea Rika SV Clodsire
30%
Paldea Rika SV Donphan
30%
Galar Bede SwSh Duosion
30%
Unova Burgh B2W2 Escavalier
30%
Unova Burgh B2W2 Escavalier
30%
Unova Alder BW, B2W2 Escavalier
30%
Galar Rose SwSh Escavalier
30%
Kalos Calem/Serena XY Fletchling
30%
Paldea Nemona SV (Conditionally) Floragato
30%
Galar Allister Sh Galarian Yamask
30%
Sinnoh Palmer DPPt, HGSS, BDSP Heatran
30%
Hisui Kamado Legends: Arceus Hisuian Braviary
30%
Unova Elesa B2W2 (Challenge Mode only) Joltik
30%
Unova N BW Joltik
30%
Galar Piers SwSh Obstagoon
30%
Unova Cheren BW, B2W2 (Challenge Mode only) Pidove
30%
Unova Hugh B2W2 Pidove
30%
Unova N BW Pidove
30%
Paldea Nemona SV (Conditionally) Quaquaval
30%
Paldea Clavell/Clive SV (Conditionally) Quaquaval
30%
Paldea Nemona SV (Conditionally) Quaxly
30%
Paldea Clavell SV (Possible gift) Quaxly
30%
Paldea Nemona SV (Conditionally) Quaxwell
30%
Alola Kukui/The Masked Royal SM, USUM Rockruff
30%
Paldea Nemona SV Rockruff
30%
Paldea Tyme SV (Traded to the player) Rockruff
30%
Paldea Miriam SV Sawsbuck (Autumn)
30%
Unova Lenora B2W2 Sawsbuck (Spring)
30%
Kalos Morgan XY, ORAS Sawsbuck (Spring)
30%
Hoenn Norman B2W2 Sawsbuck (Winter)
30%
Alola Ilima SM, USUM Smeargle
30%
Galar Bede SwSh Solosis
30%
Hoenn Norman Emerald, B2W2 Spinda
30%
Unova Yancy B2W2 (Traded to the player) Spinda
30%
Unova Curtis B2W2 (Traded to the player) Spinda
30%
Paldea Nemona SV (Conditionally) Sprigatito
30%
Paldea Clavell SV (Possible gift) Sprigatito
30%
Unova Skyla BW, B2W2 Swoobat
30%
Unova Rood B2W2 Swoobat
30%
Galar Avery Sh Swoobat
30%
Hoenn Zinnia ORAS (Unused in battle) Whismur
30%
Alola Ilima SM, USUM Yungoos
30%
Kalos Lysandre UM Yveltal
30%
Unova Burgh B2W2 Accelgor
29%
Unova Alder BW, B2W2 Accelgor
29%
Alola Lana SM, USUM Araquanid
29%
Paldea Katy SV (Rematch only) Araquanid
29%
Hoenn Norman B2W2 Bouffalant
29%
Unova Cheren B2W2 Bouffalant
29%
Unova Alder BW, B2W2 Bouffalant
29%
Unova Hugh B2W2 Bouffalant
29%
Unova Ghetsis BW, USUM Bouffalant
29%
Sinnoh Gardenia B2W2 Carnivine
29%
Paldea Katy SV (Traded to the player) Combee
29%
Paldea Nemona SV (Conditionally) Crocalor
29%
Unova Chili B2W2 Darmanitan
29%
Paldea Hassel SV (Rematch only) Duraludon
29%
Unova Drayton SV (Traded to the player) Duraludon
29%
Galar Raihan SwSh Duraludon (G-Max)
29%
Paldea Nemona SV (Conditionally) Fuecoco
29%
Paldea Clavell SV (Possible gift) Fuecoco
29%
Galar Honey SwSh Galarian Darmanitan
29%
Galar Melony Sh Galarian Darmanitan (Zen Mode)
29%
Unova Elesa B2W2 Galvantula
29%
Unova Elesa B2W2 Galvantula
29%
Unova Emmet BW, B2W2 Galvantula
29%
Galar Bede SwSh Gothita
29%
Unova Chili B2W2 Heatmor
29%
Galar Hop SwSh Heatmor
29%
Johto Whitney HGSS (Rematch only) Lickilicky
29%
Sinnoh Dawn BDSP (Conditionally) Lickilicky
29%
Unova Lenora B2W2 Lickilicky
29%
Unova Cheren B2W2 Lickilicky
29%
Alola Mina SM, USUM Ribombee
29%
Alola Lillie USUM Ribombee
29%
Paldea Nemona SV (Conditionally, rematch only) Ribombee
29%
Alola Gladion SM (Conditionally), USUM (Conditionally) Silvally (Fire Memory)
29%
Alola Gladion SM (Conditionally), USUM (Conditionally) Silvally (Grass Memory)
29%
Alola Gladion SM (Conditionally), USUM (Conditionally) Silvally (Water Memory)
29%
Paldea Nemona SV (Conditionally) Skeledirge
29%
Paldea Clavell/Clive SV (Conditionally) Skeledirge
29%
Unova Elesa B2W2 Stunfisk
29%
Kalos Tarragon Legends: Z-A Stunfisk
29%
Kalos Canari Legends: Z-A Stunfisk
29%
Unova N BW Timburr
29%
Alola Samson Oak UM (Gift) Totem Araquanid
29%
Alola Samson Oak US (Gift) Totem Ribombee
29%
Alola Samson Oak US (Gift) Totem Vikavolt
29%
Alola Mallow USUM Tsareena
29%
Galar Milo SwSh (Rematch only) Tsareena
29%
Galar Oleana SwSh Tsareena
29%
Paldea Brassius SV (Rematch only) Tsareena
29%
Alola Sophocles SM, USUM Vikavolt
29%
Alola Guzma USUM Vikavolt
29%
Unova Marlon B2W2 Alomomola
28%
Paldea Saguaro SV Alomomola
28%
Alola Hala SM, USUM Crabominable
28%
Alola The Masked Royal SM, USUM Crabominable
28%
Alola Hau SM, USUM Crabominable
28%
Paldea Kofu SV Crabominable
28%
Sinnoh Palmer DPPt, HGSS, BDSP Cresselia
28%
Sinnoh Roark B2W2 Crustle
28%
Unova Burgh B2W2 Crustle
28%
Unova Burgh B2W2 Crustle
28%
Unova Ingo BW, B2W2 Crustle
28%
Unova Emmet BW, B2W2 Crustle
28%
Galar Allister Sh Cursola
28%
Unova Burgh BW, B2W2 Dwebble
28%
Paldea Youssef SV Gulpin
28%
Paldea Jacq SV (Unused in battle) Gulpin
28%
Paldea Jacq SV (Traded to the player) Gulpin
28%
Alola Hau USUM Noibat
28%
Kalos Andi Legends: Z-A Pancham
28%
Paldea Giacomo SV Pawniard
28%
Paldea Brassius SV Petilil
28%
Unova Curtis B2W2 (Traded to the player) Shellos (East Sea)
28%
Unova Yancy B2W2 (Traded to the player) Shellos (West Sea)
28%
Galar Klara Sw Skorupi
28%
Hisui Melli Legends: Arceus (Rematch only) Skorupi
28%
Hisui Beni Legends: Arceus Sneasler
28%
Alola Mallow Moon, UM Toucannon
28%
Alola Kahili SM, USUM Toucannon
28%
Kitakami Carmine SV Toucannon
28%
Unova N BW Tympole
28%
Kalos Lida Legends: Z-A Vanillite
28%
Unova Cilan B2W2 Whimsicott
28%
Kalos Dexio Moon, UM Whimsicott
28%
Kalos Emma/Essentia XY (Xerosic's Pokémon) Whimsicott
28%
Kalos Dana XY, ORAS Whimsicott
28%
Unova Lacey SV Whimsicott
28%
Unova Drayton SV Archaludon
27%
Unova Lenora B2W2 Audino
27%
Unova Bianca B2W2 Audino
27%
Kalos Andi Legends: Z-A Audino
27%
Unova Cress B2W2 Basculin (Red Striped)
27%
Unova Colress B2W2 Beheeyem
27%
Alola Hala SM, USUM Crabrawler
27%
Galar Sordward SwSh Doublade
27%
Paldea Nemona SV Dudunsparce (Three-Segment)
27%
Paldea Larry SV Dudunsparce (Two-Segment)
27%
Paldea Larry SV (Traded to the player) Dudunsparce (Two-Segment)
27%
Paldea Tulip SV Farigiraf
27%
Paldea Jacq SV Farigiraf
27%
Kalos Emma/Essentia XY (Xerosic's Pokémon) Granbull
27%
Alola Mina SM, USUM Granbull
27%
Unova Lacey SV Granbull
27%
Paldea Ortega SV (Rematch only) Hatterene
27%
Paldea Saguaro SV Hatterene
27%
Unova Burgh B2W2 (Challenge Mode only) Karrablast
27%
Paldea Geeta SV Kingambit
27%
Paldea Giacomo SV (Rematch only) Kingambit
27%
Kalos Xerosic/Essentia XY Malamar
27%
Galar Piers SwSh Malamar
27%
Paldea Raifort SV Malamar
27%
Kalos Grisham Legends: Z-A Malamar
27%
Kalos Emma Legends: Z-A (Mega) Malamar
27%
Alola Acerola SM, USUM Palossand
27%
Paldea Salvatore SV Palossand
27%
Galar Rose SwSh Perrserker
27%
Galar Peony SwSh (Rematch only) Perrserker
27%
Alola Kiawe Sun, US Salazzle
27%
Alola Plumeria SM, USUM Salazzle
27%
Galar Kabu SwSh (Rematch only) Salazzle
27%
Galar Oleana SwSh Salazzle
27%
Galar Honey SwSh Salazzle
27%
Unova Burgh B2W2 (Challenge Mode only) Shelmet
27%
Alola Samson Oak UM (Gift) Totem Salazzle
27%
Alola Gladion SM, USUM Type: Null
27%
Alola Gladion SM (Gift) Type: Null
27%
Alola Wicke USUM (Gift) Type: Null
27%
Sinnoh Lucas BDSP (Conditionally) Dunsparce
26%
Unova Lenora B2W2 Dunsparce
26%
Hoenn Norman B2W2 Kecleon
26%
Unova Curtis B2W2 (Traded to the player) Phanpy
26%
Alola Mallow Moon Phantump
26%
Kalos Dexio Moon, UM Turtonator
26%
Alola Ryuki SM, USUM Turtonator
26%
Galar Raihan SwSh Turtonator
26%
Galar Hop Sh Zacian (Crowned Sword)
26%
Galar Hop Sw Zamazenta (Crowned Shield)
26%
Kalos Dexio USUM Zygarde (10% Forme)
26%
Kalos Dexio USUM (Gift) Zygarde (10% Forme)
26%
Kalos Yvon Legends: Z-A Aromatisse
25%
Unova N BW Darumaka
25%
Kalos Sina Sun, US Drampa
25%
Alola Ryuki SM, USUM Drampa
25%
Galar Hop SwSh Dubwool
25%
Unova Burgh B2W2 Durant
25%
Unova Emmet BW, B2W2 Durant
25%
Galar Bede SwSh Hatterene (G-Max)
25%
Kalos Mani Legends: Z-A Helioptile
25%
Alola Mallow Moon, UM Lurantis
25%
Alola Plumeria Sun, US Lurantis
25%
Paldea Jacq SV Lurantis
25%
Unova Cilan B2W2 Maractus
25%
Kalos Vinnie Legends: Z-A (Mega) Drampa
25%
Galar Marnie SwSh Morpeko
25%
Kitakami Carmine SV Morpeko
25%
Alola Kahili SM, USUM Oricorio (Baile Style)
25%
Paldea Larry SV Oricorio (Pom-Pom Style)
25%
Galar Allister Sh (Rematch only) Runerigus
25%
Kalos Yvon Legends: Z-A Slurpuff
25%
Alola Mallow Moon Steenee
25%
Alola Samson Oak US (Gift) Totem Lurantis
25%
Galar Avery Sh Woobat
25%
Galar Hop SwSh Wooloo
25%
Paldea Saguaro SV Alcremie (Ruby Cream, Strawberry Sweet)
24%
Galar Opal SwSh Alcremie (Ruby Cream, Strawberry Sweet, G-Max)
24%
Unova Lacey SV Alcremie (Ruby Swirl, Berry Sweet)
24%
Galar Kabu SwSh Centiskorch (G-Max)
24%
Unova Lenora B2W2 Cinccino
24%
Unova Cheren B2W2 Cinccino
24%
Unova Cheren B2W2 Cinccino
24%
Unova Aurea Juniper B2W2 (Unused in battle) Cinccino
24%
Alola Kukui USUM (Unused in battle) Cutiefly
24%
Alola Acerola SM, USUM Dhelmise
24%
Kalos Tarragon Legends: Z-A Diggersby
24%
Galar Bea Sw Falinks
24%
Galar Shielbert SwSh Falinks
24%
Paldea Dendra SV Falinks
24%
Unova N BW Ferroseed
24%
Galar Bede SwSh Hattrem
24%
Paldea Harrington SV Hattrem
24%
Paldea Saguaro SV (Traded to the player) Hattrem
24%
Alola Ilima USUM Komala
24%
Alola Hau SM Komala
24%
Paldea Larry SV Komala
24%
Kalos Ivor Legends: Z-A (Mega) Falinks
24%
Alola Plumeria SM, USUM Salandit
24%
Alola Kukui SM, USUM (Unused in battle) Snubbull
24%
Unova Lacey SV (Traded to the player) Snubbull
24%
Kalos Yvon Legends: Z-A Swirlix
24%
Paldea Kofu SV Wugtrio
24%
Alola Mallow Moon, UM Comfey
23%
Alola Lillie USUM Comfey
23%
Galar Hop SwSh Corviknight
23%
Galar Mustard SwSh Corviknight
23%
Paldea Poppy SV Corviknight
23%
Galar Hop SwSh (Rematch only) Corviknight (G-Max)
23%
Galar Nessa SwSh Drednaw
23%
Paldea Tyme SV Drednaw
23%
Galar Nessa SwSh Drednaw (G-Max)
23%
Kitakami Kieran SV Grimmsnarl
23%
Galar Bede SwSh Hatenna
23%
Paldea A.I. Turo Violet Iron Valiant
23%
Paldea Paradise Protection Protocol Scarlet Koraidon
23%
Paldea Paradise Protection Protocol Violet Miraidon
23%
Alola Hapu SM, USUM Mudsdale
23%
Paldea Jacq SV Mudsdale
23%
Paldea Nemona SV Pawmo
23%
Paldea Clavell SV (Traded to the player) Pawmo
23%
Alola Kukui SM, USUM (Unused in battle) Pikipek
23%
Galar Allister Sh Polteageist
23%
Paldea Clavell/Clive SV Polteageist
23%
Paldea A.I. Sada Scarlet Scream Tail
23%
Kitakami Kieran SV (Traded to the player) Applin
22%
Unova Ingo Legends: Arceus Basculegion
22%
Galar Peony SwSh Copperajah
22%
Paldea Poppy SV Copperajah
22%
Galar Rose SwSh Copperajah (G-Max)
22%
Galar Peony SwSh (Rematch only) Copperajah (G-Max)
22%
Galar Hop SwSh Corvisquire
22%
Galar Leon SwSh Dragapult
22%
Paldea Geeta SV (Rematch only) Dragapult
22%
Unova Colress B2W2 Elgyem
22%
Paldea Hassel SV Flapple
22%
Galar Milo Sw Flapple (G-Max)
22%
Galar Melony Sh Frosmoth
22%
Paldea Grusha SV Frosmoth
22%
Paldea Arven SV Greedent
22%
Galar Marnie SwSh Grimmsnarl (G-Max)
22%
Kitakami Kieran SV Hydrapple
22%
Unova Aurea Juniper BW Minccino
22%
Kalos Dexio Moon, UM Passimian
22%
Paldea Eri SV Passimian
22%
Paldea Nemona SV Pawmi
22%
Paldea Clavell SV (Unused in battle) Pawmi
22%
Paldea A.I. Sada Scarlet Roaring Moon
22%
Paldea A.I. Sada Scarlet Sandy Shocks
22%
Alola Mallow Moon, USUM Shiinotic
22%
Alola Mina SM Shiinotic
22%
Unova Ingo Legends: Arceus Wyrdeer
22%
Unova Roxie B2W2 Amoonguss
21%
Paldea Clavell/Clive SV (Conditionally) Amoonguss
21%
Galar Milo Sh Appletun (G-Max)
21%
Alola Hala SM, USUM Bewear
21%
Alola Lusamine SM, USUM Bewear
21%
Galar Hop SwSh Boltund
21%
Paldea Mela SV (Rematch only) Coalossal
21%
Paldea Tyme SV Coalossal
21%
Galar Gordie Sw Coalossal (G-Max)
21%
Kitakami Kieran SV Dipplin
21%
Galar Melony Sh Eiscue
21%
Alola Dulse US Furfrou
21%
Alola Soliera UM Furfrou
21%
Kalos Xavi Legends: Z-A Furfrou
21%
Paldea A.I. Turo Violet Iron Bundle
21%
Paldea A.I. Turo Violet Iron Thorns
21%
Alola Ryuki SM, USUM, Rematch only) Kommo-o
21%
Galar Mustard SwSh Kommo-o
21%
Paldea Nemona SV (Rematch only) Kommo-o
21%
Kalos Nita XY, ORAS Landorus
21%
Paldea Katy SV Nymble
21%
Kalos Sina Sun, US Oranguru
21%
Paldea Clavell/Clive SV Oranguru
21%
Paldea Nemona SV Pawmot
21%
Paldea Atticus SV Revavroom
21%
Paldea Eri SV Revavroom (Caph Starmobile)
21%
Paldea Atticus SV Revavroom (Navi Starmobile)
21%
Paldea Ortega SV Revavroom (Ruchbah Starmobile)
21%
Paldea Mela SV Revavroom (Schedar Starmobile)
21%
Paldea Giacomo SV Revavroom (Segin Starmobile)
21%
Galar Hop SwSh Rookidee
21%
Kitakami Carmine SV Sinistcha
21%
Kalos Yvon Legends: Z-A Spritzee
21%
Kalos Morgan XY, ORAS Terrakion
21%
Kalos Nita XY, ORAS Thundurus
21%
Paldea Poppy SV Tinkaton
21%
Kalos Nita XY, ORAS Tornadus
21%
Kalos Morgan XY, ORAS Virizion
21%
Galar Sonia SwSh (Unused in battle) Yamper
21%
Paldea Brassius SV (Rematch only) Arboliva
20%
Kitakami O'Nare SV Arboliva
20%
Paldea A.I. Sada Scarlet Brute Bonnet
20%
Galar Rose SwSh (Unused in battle) Cufant
20%
Galar Milo SwSh Eldegoss
20%
Paldea Tulip SV Espathra
20%
Paldea Geeta SV Espathra
20%
Paldea Arven SV Garganacl
20%
Paldea Tyme SV Garganacl
20%
Galar Bea Sw Grapploct
20%
Paldea A.I. Turo Violet Iron Hands
20%
Paldea A.I. Turo Violet Iron Jugulis
20%
Paldea A.I. Turo Violet Iron Moth
20%
Paldea Katy SV (Rematch only) Lokix
20%
Paldea Giacomo SV (Rematch only) Mabosstiff
20%
Paldea Arven SV Mabosstiff
20%
Paldea Arven SV Nacli
20%
Kitakami Carmine SV Poltchageist
20%
Kitakami Carmine SV (Traded to the player) Poltchageist
20%
Galar Raihan SwSh Sandaconda
20%
Paldea Arven SV Skwovet
20%
Paldea Arven SV (Traded to the player) Skwovet
20%
Galar Gordie Sw Stonjourner
20%
Paldea Tyme SV Stonjourner
20%
Alola Faba SM, USUM Bruxish
18%
Paldea Grusha SV Cetitan
18%
Kalos Morgan XY, ORAS Cobalion
18%
Paldea Geeta SV Glimmora
18%
Galar Milo SwSh Gossifleur
18%
Paldea A.I. Sada Scarlet Slither Wing
18%
Alola Samson Oak UM (Gift) Totem Kommo-o
18%
Galar Piers SwSh (Rematch only) Toxtricity (Low-Key)
18%
Paldea Ryme SV Toxtricity (Low-Key)
18%
Galar Nessa SwSh Arrokuda
17%
Paldea Hassel SV Baxcalibur
17%
Paldea Larry SV Flamigo
17%
Paldea Ryme SV Houndstone
17%
Paldea Iono SV (Rematch only) Kilowattrel
17%
Galar Mustard SwSh (Gift) Kubfu
17%
Galar Mustard SwSh Kubfu
17%
Galar Hop SwSh Pincurchin
17%
Paldea Miriam SV Pincurchin
17%
Paldea Brassius SV Smoliv
17%
Paldea Arven SV Toedscool
17%
Paldea Arven SV Toedscruel
17%
Alola Plumeria SM (Rematch only), USUM (Rematch only) Toxapex
17%
Alola Guzma Moon, UM Toxapex
17%
Galar Nessa SwSh (Rematch only) Toxapex
17%
Paldea Atticus SV (Rematch only) Toxapex
17%
Paldea Miriam SV Toxapex
17%
Galar Mustard SwSh (Conditionally) Urshifu (Rapid Strike Style, G-Max)
17%
Galar Mustard SwSh (Conditionally) Urshifu (Single Strike Style, G-Max)
17%
Galar Nessa SwSh Barraskewda
16%
Paldea Grusha SV (Unused in battle) Cetoddle
16%
Paldea Grusha SV (Traded to the player) Cetoddle
16%
Paldea A.I. Sada Scarlet Flutter Mane
16%
Paldea Geeta SV (Traded to the player) Glimmet
16%
Paldea Harrington SV Morgrem
16%
Alola Dulse US Poipole
16%
Alola Dulse UM (Gift) Poipole
16%
Alola Soliera UM Poipole
16%
Alola Soliera US (Gift) Poipole
16%
Paldea Katy SV Tarountula
16%
Paldea Poppy SV (Traded to the player) Tinkatuff
16%
Galar Hop SwSh Toxel
16%
Paldea Kofu SV Veluza
16%
Paldea Kofu SV (Traded to the player) Veluza
16%
Paldea Geeta SV Veluza
16%
Paldea Iono SV Bellibolt
15%
Paldea Miriam SV (Traded to the player) Mareanie
15%
Paldea Nemona SV Orthworm
15%
Galar Hop SwSh Silicobra
15%
Paldea Iono SV Wattrel
15%
Paldea Hassel SV (Traded to the player) Arctibax
14%
Paldea Mela SV (Rematch only) Armarouge
14%
Galar Hop SwSh Cramorant
14%
Kitakami Kieran SV Cramorant
14%
Paldea Ortega SV Dachsbun
14%
Paldea Ryme SV (Traded to the player) DJ G-Rave
14%
Paldea Katy SV (Rematch only) Spidops
14%
Alola Kukui SM, USUM (Unused in battle) Stufful
14%
Paldea Tulip SV (Traded to the player) Flittle
13%
Paldea Arven SV Scovillain
13%
Kitakami Kieran SV Terapagos
13%
Paldea Larry SV (Rematch only) Oinkologne (Female)
11%
Paldea Raifort SV (Traded to the player) Gimmighoul (Chest)
9%
Paldea Youssef SV Shroodle
5%
No matching quizzes found
Score Distribution
Percent of People with Each Score
Percentile by Number Answered
Your Score History
You have not taken this quiz since the last reset